NBA TOP 25 IN PSP EVERY YEAR - Statistics

General Stats
  • This quiz has been taken 75 times
    27 since last reset
  • The average score is 1474 of 1982
Answer Stats
Season Rk Player PSP Team % Correct
2025 15 Alperen Sengun 3445 HOU
100%
2024 10 Anthony Davis 4019 LAL
100%
2023 16 Anthony Davis 3414 LAL
100%
2020 6 Anthony Davis 3817 LAL
100%
2018 5 Anthony Davis 4059 NOP
100%
2017 12 Anthony Davis 3558 NOP
100%
2015 12 Anthony Davis 3153 NOP
100%
2025 4 Anthony Edwards 4176 MIN
100%
2024 7 Anthony Edwards 4226 MIN
100%
2023 12 Anthony Edwards 3616 MIN
100%
2025 22 Bam Adebayo 3217 MIA
100%
2023 8 Bam Adebayo 3759 MIA
100%
2021 25 Bam Adebayo 2743 MIA
100%
2020 8 Bam Adebayo 3529 MIA
100%
2008 11 Baron Davis 3656 GSW
100%
2007 14 Baron Davis 3233 GSW
100%
2004 14 Baron Davis 3276 NOH
100%
2002 9 Baron Davis 3893 CHH
100%
2001 21 Baron Davis 3312 CHH
100%
1975 13 Billy Cunningham 3299 PHI
100%
1972 15 Billy Cunningham 3548 PHI
100%
1971 5 Billy Cunningham 3964 PHI
100%
1970 3 Billy Cunningham 4157 PHI
100%
1969 6 Billy Cunningham 3867 PHI
100%
1967 17 Billy Cunningham 2878 PHI
100%
2021 16 Bradley Beal 3096 WAS
100%
2020 20 Bradley Beal 2771 WAS
100%
2019 12 Bradley Beal 3585 WAS
100%
2018 14 Bradley Beal 3300 WAS
100%
2017 20 Bradley Beal 3123 WAS
100%
1984 24 Buck Williams 3130 NJN
100%
2025 8 Cade Cunningham 3978 DET
100%
2022 14 Chris Paul 3305 PHO
100%
2021 7 Chris Paul 3645 PHO
100%
2020 16 Chris Paul 2936 OKC
100%
2018 21 Chris Paul 3032 HOU
100%
2017 22 Chris Paul 3024 LAC
100%
2016 11 Chris Paul 3575 LAC
100%
2015 4 Chris Paul 4340 LAC
100%
2014 8 Chris Paul 3554 LAC
100%
2013 13 Chris Paul 3231 LAC
100%
2012 5 Chris Paul 3099 LAC
100%
2011 7 Chris Paul 3673 NOH
100%
2009 4 Chris Paul 4378 NOH
100%
2008 3 Chris Paul 4724 NOH
100%
2020 19 CJ McCollum 2791 POR
100%
2016 19 CJ McCollum 3079 POR
100%
2024 16 Damian Lillard 3383 MIL
100%
2021 6 Damian Lillard 3664 POR
100%
2020 7 Damian Lillard 3616 POR
100%
2019 5 Damian Lillard 4412 POR
100%
2018 9 Damian Lillard 3488 POR
100%
2017 15 Damian Lillard 3522 POR
100%
2016 8 Damian Lillard 3791 POR
100%
2015 8 Damian Lillard 3409 POR
100%
2014 10 Damian Lillard 3447 POR
100%
2013 22 Damian Lillard 2974 POR
100%
2022 23 Darius Garland 3051 CLE
100%
2013 23 David West 2934 IND
100%
2008 21 David West 3214 NOH
100%
2024 15 De'Aaron Fox 3420 SAC
100%
2023 14 De'Aaron Fox 3489 SAC
100%
2021 24 Deandre Ayton 2743 PHO
100%
2024 19 Dejounte Murray 3361 ATL
100%
2023 23 Dejounte Murray 3197 ATL
100%
2022 11 Dejounte Murray 3452 SAS
100%
2024 22 DeMar DeRozan 3297 CHI
100%
2023 25 DeMar DeRozan 3119 CHI
100%
2022 9 DeMar DeRozan 3540 CHI
100%
2020 21 DeMar DeRozan 2729 SAS
100%
2019 16 DeMar DeRozan 3443 SAS
100%
2018 11 DeMar DeRozan 3450 TOR
100%
2017 16 DeMar DeRozan 3432 TOR
100%
2016 12 DeMar DeRozan 3545 TOR
100%
2014 17 DeMar DeRozan 3130 TOR
100%
2013 10 Deron Williams 3316 BRK
100%
2012 18 Deron Williams 2386 NJN
100%
2011 24 Deron Williams 2997 UTA,NJN
100%
2010 7 Deron Williams 3918 UTA
100%
2009 12 Deron Williams 3299 UTA
100%
2008 4 Deron Williams 4178 UTA
100%
2007 7 Deron Williams 3867 UTA
100%
2025 18 Devin Booker 3369 PHO
100%
2024 18 Devin Booker 3361 PHO
100%
2022 15 Devin Booker 3303 PHO
100%
2021 9 Devin Booker 3587 PHO
100%
2020 14 Devin Booker 3139 PHO
100%
2025 20 Domantas Sabonis 3265 SAC
100%
2024 6 Domantas Sabonis 4281 SAC
100%
2023 4 Domantas Sabonis 4007 SAC
100%
2021 17 Domantas Sabonis 3048 IND
100%
2020 25 Domantas Sabonis 2615 IND
100%
2025 21 Donovan Mitchell 3241 CLE
100%
2023 24 Donovan Mitchell 3165 CLE
100%
2022 19 Donovan Mitchell 3096 UTA
100%
2021 23 Donovan Mitchell 2745 UTA
100%
2020 15 Donovan Mitchell 2997 UTA
100%
2018 20 Donovan Mitchell 3084 UTA
100%
1976 22 Fred Brown 2895 SEA
100%
1975 21 Fred Brown 3077 SEA
100%
2025 3 Giannis Antetokounmpo 4224 MIL
100%
2024 8 Giannis Antetokounmpo 4181 MIL
100%
2023 11 Giannis Antetokounmpo 3660 MIL
100%
2022 4 Giannis Antetokounmpo 4454 MIL
100%
2021 2 Giannis Antetokounmpo 4412 MIL
100%
2020 4 Giannis Antetokounmpo 4028 MIL
100%
2019 2 Giannis Antetokounmpo 4702 MIL
100%
2018 6 Giannis Antetokounmpo 4055 MIL
100%
2017 7 Giannis Antetokounmpo 3959 MIL
100%
1985 20 Gus Williams 3325 WSB
100%
1984 12 Gus Williams 3519 SEA
100%
1983 11 Gus Williams 3392 SEA
100%
1982 7 Gus Williams 3809 SEA
100%
1980 7 Gus Williams 3746 SEA
100%
1979 20 Gus Williams 3198 SEA
100%
1978 20 Gus Williams 3223 SEA
100%
2025 24 Ivica Zubac 3160 LAC
100%
1956 9 Jack George 2514 PHW
100%
1954 24 Jack George 1685 PHW
100%
2025 12 Jalen Brunson 3752 NYK
100%
2024 5 Jalen Brunson 4281 NYK
100%
2023 20 Jalen Brunson 3294 NYK
100%
2022 24 Jalen Brunson 3035 DAL
100%
2025 13 Jalen Williams 3639 OKC
100%
2025 23 Jamal Murray 3174 DEN
100%
2023 19 Jamal Murray 3391 DEN
100%
2020 17 Jamal Murray 2851 DEN
100%
2025 5 James Harden 4118 LAC
100%
2024 23 James Harden 3185 LAC
100%
2023 18 James Harden 3405 PHI
100%
2022 7 James Harden 3898 BRK,PHI
100%
2021 19 James Harden 2881 HOU,BRK
100%
2020 2 James Harden 4624 HOU
100%
2019 1 James Harden 5327 HOU
100%
2018 3 James Harden 4872 HOU
100%
2017 2 James Harden 5573 HOU
100%
2016 4 James Harden 4539 HOU
100%
2015 1 James Harden 4870 HOU
100%
2014 9 James Harden 3503 HOU
100%
2013 5 James Harden 3762 HOU
100%
2012 17 James Harden 2428 OKC
100%
2023 22 Ja Morant 3258 MEM
100%
2022 16 Ja Morant 3259 MEM
100%
2021 21 Ja Morant 2811 MEM
100%
2024 20 Jaylen Brown 3341 BOS
100%
2023 13 Jaylen Brown 3538 BOS
100%
2022 12 Jaylen Brown 3440 BOS
100%
2025 9 Jayson Tatum 3957 BOS
100%
2024 3 Jayson Tatum 4364 BOS
100%
2023 2 Jayson Tatum 4692 BOS
100%
2022 2 Jayson Tatum 4569 BOS
100%
2021 14 Jayson Tatum 3133 BOS
100%
2020 9 Jayson Tatum 3371 BOS
100%
1973 7 Jerry West 3819 LAL
100%
1972 3 Jerry West 4491 LAL
100%
1971 11 Jerry West 3489 LAL
100%
1970 2 Jerry West 4685 LAL
100%
1969 12 Jerry West 3585 LAL
100%
1968 20 Jerry West 2964 LAL
100%
1967 13 Jerry West 3179 LAL
100%
1966 3 Jerry West 4723 LAL
100%
1965 4 Jerry West 4093 LAL
100%
1964 7 Jerry West 3529 LAL
100%
1963 10 Jerry West 3077 LAL
100%
1962 6 Jerry West 4316 LAL
100%
1961 13 Jerry West 3171 LAL
100%
2023 7 Jimmy Butler 3794 MIA
100%
2022 20 Jimmy Butler 3093 MIA
100%
2020 11 Jimmy Butler 3290 MIA
100%
2017 13 Jimmy Butler 3542 CHI
100%
2023 5 Joel Embiid 3959 PHI
100%
2022 6 Joel Embiid 4016 PHI
100%
2021 18 Joel Embiid 2925 PHI
100%
2019 11 Joel Embiid 3712 PHI
100%
2018 22 Joel Embiid 3025 PHI
100%
2025 16 Josh Hart 3396 NYK
100%
2022 22 Jrue Holiday 3057 MIL
100%
2021 13 Jrue Holiday 3138 MIL
100%
2018 10 Jrue Holiday 3454 NOP
100%
2013 17 Jrue Holiday 3117 PHI
100%
1984 20 Julius Erving 3344 PHI
100%
1983 14 Julius Erving 3270 PHI
100%
1982 2 Julius Erving 4360 PHI
100%
1981 3 Julius Erving 4371 PHI
100%
1980 2 Julius Erving 4503 PHI
100%
1979 8 Julius Erving 3754 PHI
100%
1978 19 Julius Erving 3227 PHI
100%
1977 2 Julius Erving 4223 PHI
100%
2025 25 Julius Randle 3060 MIN
100%
2023 9 Julius Randle 3734 NYK
100%
2022 25 Julius Randle 2995 NYK
100%
2021 10 Julius Randle 3562 NYK
100%
2025 10 Karl-Anthony Towns 3912 NYK
100%
2022 10 Karl-Anthony Towns 3500 MIN
100%
2019 14 Karl-Anthony Towns 3544 MIN
100%
2018 8 Karl-Anthony Towns 3504 MIN
100%
2017 9 Karl-Anthony Towns 3667 MIN
100%
2016 25 Karl-Anthony Towns 2879 MIN
100%
2021 20 Kawhi Leonard 2816 LAC
100%
2020 10 Kawhi Leonard 3314 LAC
100%
2019 10 Kawhi Leonard 3758 TOR
100%
2017 11 Kawhi Leonard 3587 SAS
100%
2016 23 Kawhi Leonard 2971 SAS
100%
2024 14 Kevin Durant 3610 PHO
100%
2022 21 Kevin Durant 3092 BRK
100%
2019 6 Kevin Durant 4159 GSW
100%
2018 4 Kevin Durant 4166 GSW
100%
2017 14 Kevin Durant 3540 GSW
100%
2016 5 Kevin Durant 4289 OKC
100%
2014 1 Kevin Durant 5170 OKC
100%
2013 2 Kevin Durant 4491 OKC
100%
2012 2 Kevin Durant 3923 OKC
100%
2011 5 Kevin Durant 4043 OKC
100%
2010 5 Kevin Durant 3988 OKC
100%
2021 8 Khris Middleton 3605 MIL
100%
2020 24 Khris Middleton 2674 MIL
100%
2018 17 Khris Middleton 3141 MIL
100%
2020 18 Kyle Lowry 2814 TOR
100%
2019 21 Kyle Lowry 3322 TOR
100%
2018 15 Kyle Lowry 3281 TOR
100%
2016 7 Kyle Lowry 3928 TOR
100%
2015 25 Kyle Lowry 2754 TOR
100%
2014 12 Kyle Lowry 3347 TOR
100%
2024 21 Kyrie Irving 3301 DAL
100%
2021 22 Kyrie Irving 2801 BRK
100%
2019 19 Kyrie Irving 3370 BOS
100%
2017 8 Kyrie Irving 3727 CLE
100%
2015 11 Kyrie Irving 3199 CLE
100%
2022 13 LaMelo Ball 3348 CHO
100%
2025 11 LeBron James 3762 LAL
100%
2024 9 LeBron James 4023 LAL
100%
2023 10 LeBron James 3727 LAL
100%
2020 1 LeBron James 4923 LAL
100%
2018 1 LeBron James 6038 CLE
100%
2017 3 LeBron James 5116 CLE
100%
2016 2 LeBron James 4814 CLE
100%
2015 3 LeBron James 4558 CLE
100%
2014 2 LeBron James 4671 MIA
100%
2013 1 LeBron James 5096 MIA
100%
2012 1 LeBron James 4352 MIA
100%
2011 1 LeBron James 4962 MIA
100%
2010 1 LeBron James 4945 CLE
100%
2009 1 LeBron James 5182 CLE
100%
2008 2 LeBron James 4845 CLE
100%
2007 1 LeBron James 4802 CLE
100%
2006 1 LeBron James 4949 CLE
100%
2005 3 LeBron James 4146 CLE
100%
2004 16 LeBron James 3204 CLE
100%
2024 1 Luka Doncic 5774 DAL
100%
2023 6 Luka Doncic 3888 DAL
100%
2022 3 Luka Doncic 4537 DAL
100%
2021 4 Luka Doncic 4052 DAL
100%
2020 5 Luka Doncic 3843 DAL
100%
1992 23 Micheal Williams 3134 IND
100%
1981 24 Mike Mitchell 2907 CLE
100%
2025 1 Nikola Jokic 5376 DEN
100%
2024 2 Nikola Jokic 5391 DEN
100%
2023 1 Nikola Jokic 5287 DEN
100%
2022 1 Nikola Jokic 4655 DEN
100%
2021 1 Nikola Jokic 4548 DEN
100%
2020 3 Nikola Jokic 4224 DEN
100%
2019 3 Nikola Jokic 4591 DEN
100%
2018 16 Nikola Jokic 3255 DEN
100%
2021 15 Nikola Vucevic 3107 ORL,CHI
100%
2020 23 Nikola Vucevic 2675 ORL
100%
2019 15 Nikola Vucevic 3542 ORL
100%
2024 13 Paolo Banchero 3655 ORL
100%
2025 14 Pascal Siakam 3574 IND
100%
2024 12 Pascal Siakam 3717 TOR,IND
100%
2023 21 Pascal Siakam 3261 TOR
100%
2022 17 Pascal Siakam 3241 TOR
100%
2020 22 Pascal Siakam 2708 TOR
100%
2019 20 Pascal Siakam 3323 TOR
100%
2021 12 Paul George 3191 LAC
100%
2019 8 Paul George 3857 OKC
100%
2018 18 Paul George 3135 OKC
100%
2017 19 Paul George 3129 IND
100%
2016 10 Paul George 3599 IND
100%
2014 6 Paul George 3786 IND
100%
2013 7 Paul George 3560 IND
100%
1982 16 Ray Williams 3295 NJN
100%
1981 18 Ray Williams 3040 NYK
100%
1980 12 Ray Williams 3341 NYK
100%
2003 23 Ricky Davis 3049 CLE
100%
2022 18 Russell Westbrook 3216 LAL
100%
2021 3 Russell Westbrook 4207 WAS
100%
2020 13 Russell Westbrook 3206 HOU
100%
2019 4 Russell Westbrook 4498 OKC
100%
2018 2 Russell Westbrook 4986 OKC
100%
2017 1 Russell Westbrook 5632 OKC
100%
2016 1 Russell Westbrook 5391 OKC
100%
2015 6 Russell Westbrook 3676 OKC
100%
2014 21 Russell Westbrook 2996 OKC
100%
2013 4 Russell Westbrook 3809 OKC
100%
2012 3 Russell Westbrook 3559 OKC
100%
2011 3 Russell Westbrook 4439 OKC
100%
2010 12 Russell Westbrook 3411 OKC
100%
2025 2 Shai Gilgeous-Alexander 5243 OKC
100%
2024 4 Shai Gilgeous-Alexander 4348 OKC
100%
2023 15 Shai Gilgeous-Alexander 3469 OKC
100%
2025 19 Stephen Curry 3353 GSW
100%
2024 25 Stephen Curry 3159 GSW
100%
2023 17 Stephen Curry 3405 GSW
100%
2022 8 Stephen Curry 3893 GSW
100%
2021 11 Stephen Curry 3277 GSW
100%
2019 7 Stephen Curry 4121 GSW
100%
2018 25 Stephen Curry 2988 GSW
100%
2017 5 Stephen Curry 4408 GSW
100%
2016 3 Stephen Curry 4811 GSW
100%
2015 2 Stephen Curry 4667 GSW
100%
2014 3 Stephen Curry 3998 GSW
100%
2013 3 Stephen Curry 3859 GSW
100%
2025 7 Trae Young 4041 ATL
100%
2023 3 Trae Young 4082 ATL
100%
2022 5 Trae Young 4268 ATL
100%
2021 5 Trae Young 3922 ATL
100%
2020 12 Trae Young 3226 ATL
100%
2019 24 Trae Young 3243 ATL
100%
2025 17 Tyler Herro 3386 MIA
100%
2025 6 Tyrese Haliburton 4078 IND
100%
2024 11 Tyrese Haliburton 3967 IND
100%
2024 17 Tyrese Maxey 3375 PHI
100%
2024 24 Victor Wembanyama 3167 SAS
100%
1984 14 Walter Davis 3455 PHO
100%
1979 11 Walter Davis 3682 PHO
100%
1978 21 Walter Davis 3208 PHO
100%
2015 22 Al Horford 2877 ATL
92%
2014 23 Al Jefferson 2936 CHA
92%
2012 24 Al Jefferson 2306 UTA
92%
2008 5 Allen Iverson 3902 DEN
92%
2007 16 Allen Iverson 3156 PHI,DEN
92%
2006 10 Allen Iverson 3823 PHI
92%
2005 1 Allen Iverson 4261 PHI
92%
2003 5 Allen Iverson 4392 PHI
92%
2002 17 Allen Iverson 3218 PHI
92%
2001 2 Allen Iverson 4482 PHI
92%
2000 9 Allen Iverson 3466 PHI
92%
1999 5 Allen Iverson 2444 PHI
92%
1998 14 Allen Iverson 3243 PHI
92%
1997 13 Allen Iverson 3414 PHI
92%
2000 10 Alonzo Mourning 3430 MIA
92%
1999 14 Alonzo Mourning 1972 MIA
92%
1996 22 Alonzo Mourning 3012 MIA
92%
1995 20 Alonzo Mourning 3079 CHH
92%
1993 17 Alonzo Mourning 3260 CHH
92%
2011 13 Amar'e Stoudemire 3339 NYK
92%
2010 10 Amar'e Stoudemire 3459 PHO
92%
2008 16 Amar'e Stoudemire 3355 PHO
92%
2007 15 Amar'e Stoudemire 3231 PHO
92%
2005 8 Amar'e Stoudemire 3947 PHO
92%
2019 25 Andre Drummond 3238 DET
92%
2018 19 Andre Drummond 3133 DET
92%
2016 22 Andre Drummond 2987 DET
92%
2012 23 Andre Iguodala 2329 PHI
92%
2010 21 Andre Iguodala 3070 PHI
92%
2009 11 Andre Iguodala 3305 PHI
92%
2008 20 Andre Iguodala 3260 PHI
92%
1999 21 Anfernee Hardaway 1891 ORL
92%
1996 6 Anfernee Hardaway 4009 ORL
92%
1995 5 Anfernee Hardaway 4077 ORL
92%
1994 16 Anfernee Hardaway 3210 ORL
92%
2005 25 Antoine Walker 3030 ATL,BOS
92%
2003 16 Antoine Walker 3393 BOS
92%
2002 5 Antoine Walker 4108 BOS
92%
2001 10 Antoine Walker 3688 BOS
92%
2000 22 Antoine Walker 3091 BOS
92%
1998 10 Antoine Walker 3424 BOS
92%
1951 21 Arnie Johnson 1801 ROC
92%
1999 17 Avery Johnson 1935 SAS
92%
1996 13 Avery Johnson 3363 SAS
92%
1995 16 Avery Johnson 3302 SAS
92%
2019 9 Ben Simmons 3849 PHI
92%
2018 7 Ben Simmons 3906 PHI
92%
2004 17 Ben Wallace 3196 DET
92%
1969 7 Bill Russell 3754 BOS
92%
1968 3 Bill Russell 4048 BOS
92%
1967 4 Bill Russell 4112 BOS
92%
1966 4 Bill Russell 4448 BOS
92%
1965 3 Bill Russell 4452 BOS
92%
1964 4 Bill Russell 4329 BOS
92%
1963 4 Bill Russell 4570 BOS
92%
1962 3 Bill Russell 4732 BOS
92%
1961 4 Bill Russell 4312 BOS
92%
1960 2 Bill Russell 4335 BOS
92%
1959 3 Bill Russell 3780 BOS
92%
1958 2 Bill Russell 3515 BOS
92%
1957 12 Bill Russell 2272 BOS
92%
2019 18 Blake Griffin 3377 DET
92%
2015 7 Blake Griffin 3518 LAC
92%
2014 4 Blake Griffin 3980 LAC
92%
2013 20 Blake Griffin 2994 LAC
92%
2012 7 Blake Griffin 2977 LAC
92%
2011 9 Blake Griffin 3566 LAC
92%
1974 22 Bob Love 3032 CHI
92%
1971 14 Bob Love 3361 CHI
92%
1970 25 Bob Love 2843 CHI
92%
2014 11 Carmelo Anthony 3364 NYK
92%
2013 11 Carmelo Anthony 3284 NYK
92%
2011 15 Carmelo Anthony 3280 DEN,NYK
92%
2010 16 Carmelo Anthony 3249 DEN
92%
2009 16 Carmelo Anthony 3193 DEN
92%
2008 17 Carmelo Anthony 3351 DEN
92%
2007 21 Carmelo Anthony 3064 DEN
92%
2006 18 Carmelo Anthony 3249 DEN
92%
1999 24 Charles Barkley 1819 HOU
92%
1996 14 Charles Barkley 3358 PHO
92%
1995 10 Charles Barkley 3503 PHO
92%
1994 12 Charles Barkley 3395 PHO
92%
1993 2 Charles Barkley 5067 PHO
92%
1992 14 Charles Barkley 3356 PHI
92%
1991 14 Charles Barkley 3637 PHI
92%
1990 11 Charles Barkley 4213 PHI
92%
1989 8 Charles Barkley 4021 PHI
92%
1988 10 Charles Barkley 3926 PHI
92%
1987 13 Charles Barkley 3665 PHI
92%
1986 3 Charles Barkley 4216 PHI
92%
2009 9 Chauncey Billups 3395 DET,DEN
92%
2008 23 Chauncey Billups 3176 DET
92%
2007 20 Chauncey Billups 3086 DET
92%
2006 9 Chauncey Billups 3866 DET
92%
2005 12 Chauncey Billups 3534 DET
92%
2004 10 Chauncey Billups 3331 DET
92%
1968 24 Chet Walker 2778 PHI
92%
1967 15 Chet Walker 3107 PHI
92%
1966 24 Chet Walker 2399 PHI
92%
1965 25 Chet Walker 2172 PHI
92%
1964 20 Chet Walker 2518 PHI
92%
2011 18 Chris Bosh 3122 MIA
92%
2009 23 Chris Bosh 3043 TOR
92%
2007 25 Chris Bosh 2986 TOR
92%
2003 13 Chris Webber 3460 SAC
92%
2002 16 Chris Webber 3291 SAC
92%
2001 9 Chris Webber 3819 SAC
92%
2000 5 Chris Webber 3801 SAC
92%
1999 12 Chris Webber 2054 SAC
92%
1998 19 Chris Webber 3010 WAS
92%
1997 20 Chris Webber 3209 WSB
92%
1994 23 Chris Webber 2967 GSW
92%
1995 6 Clyde Drexler 3912 POR,HOU
92%
1992 4 Clyde Drexler 4688 POR
92%
1991 6 Clyde Drexler 4287 POR
92%
1990 9 Clyde Drexler 4241 POR
92%
1989 7 Clyde Drexler 4066 POR
92%
1988 7 Clyde Drexler 4079 POR
92%
1987 9 Clyde Drexler 3873 POR
92%
1986 14 Clyde Drexler 3411 POR
92%
1985 16 Clyde Drexler 3383 POR
92%
1949 17 Connie Simmons 1073 BLB
92%
1948 19 Connie Simmons 644 BOS,BLB
92%
1947 23 Connie Simmons 744 BOS
92%
1989 19 Dale Ellis 3300 SEA
92%
1987 14 Dale Ellis 3633 SEA
92%
1998 21 Damon Stoudamire 2973 TOR,POR
92%
1997 9 Damon Stoudamire 3518 TOR
92%
1996 21 Damon Stoudamire 3035 TOR
92%
2019 17 D'Angelo Russell 3432 BRK
92%
1999 8 David Robinson 2248 SAS
92%
1998 11 David Robinson 3392 SAS
92%
1996 3 David Robinson 4352 SAS
92%
1995 3 David Robinson 4700 SAS
92%
1994 4 David Robinson 4565 SAS
92%
1993 4 David Robinson 4348 SAS
92%
1992 17 David Robinson 3232 SAS
92%
1991 7 David Robinson 4221 SAS
92%
1990 10 David Robinson 4221 SAS
92%
1978 3 David Thompson 3992 DEN
92%
1977 8 David Thompson 3540 DEN
92%
2015 17 DeAndre Jordan 3009 LAC
92%
2017 10 DeMarcus Cousins 3593 SAC,NOP
92%
2016 18 DeMarcus Cousins 3116 SAC
92%
2015 23 DeMarcus Cousins 2781 SAC
92%
2014 18 DeMarcus Cousins 3059 SAC
92%
1988 22 Dennis Johnson 3186 BOS
92%
1987 15 Dennis Johnson 3596 BOS
92%
1986 21 Dennis Johnson 3163 BOS
92%
1985 9 Dennis Johnson 3588 BOS
92%
1982 18 Dennis Johnson 3139 PHO
92%
1980 13 Dennis Johnson 3316 SEA
92%
1979 23 Dennis Johnson 3053 SEA
92%
1947 15 Dino Martin 851 PRO
92%
2014 20 Dirk Nowitzki 3007 DAL
92%
2011 10 Dirk Nowitzki 3543 DAL
92%
2010 9 Dirk Nowitzki 3486 DAL
92%
2009 7 Dirk Nowitzki 3741 DAL
92%
2008 15 Dirk Nowitzki 3372 DAL
92%
2007 11 Dirk Nowitzki 3482 DAL
92%
2006 3 Dirk Nowitzki 4533 DAL
92%
2005 5 Dirk Nowitzki 4049 DAL
92%
2004 18 Dirk Nowitzki 3186 DAL
92%
2003 7 Dirk Nowitzki 4210 DAL
92%
2002 13 Dirk Nowitzki 3456 DAL
92%
2001 18 Dirk Nowitzki 3426 DAL
92%
1993 16 Dominique Wilkins 3282 ATL
92%
1991 12 Dominique Wilkins 3727 ATL
92%
1990 21 Dominique Wilkins 3232 ATL
92%
1989 17 Dominique Wilkins 3452 ATL
92%
1988 8 Dominique Wilkins 4038 ATL
92%
1987 10 Dominique Wilkins 3863 ATL
92%
1986 8 Dominique Wilkins 3955 ATL
92%
1985 17 Dominique Wilkins 3363 ATL
92%
2018 12 Draymond Green 3372 GSW
92%
2017 17 Draymond Green 3357 GSW
92%
2016 6 Draymond Green 4265 GSW
92%
2015 13 Draymond Green 3153 GSW
92%
2012 26 Dwight Howard 2303 ORL
92%
2011 8 Dwight Howard 3665 ORL
92%
2010 8 Dwight Howard 3683 ORL
92%
2009 5 Dwight Howard 4235 ORL
92%
2008 8 Dwight Howard 3733 ORL
92%
2007 17 Dwight Howard 3133 ORL
92%
2016 20 Dwyane Wade 3043 MIA
92%
2013 8 Dwyane Wade 3417 MIA
92%
2012 8 Dwyane Wade 2828 MIA
92%
2011 4 Dwyane Wade 4227 MIA
92%
2010 6 Dwyane Wade 3922 MIA
92%
2009 3 Dwyane Wade 4571 MIA
92%
2006 2 Dwyane Wade 4810 MIA
92%
2005 2 Dwyane Wade 4182 MIA
92%
1971 16 Earl Monroe 3262 BAL
92%
1970 15 Earl Monroe 3258 BAL
92%
1969 16 Earl Monroe 3295 BAL
92%
1968 15 Earl Monroe 3154 BAL
92%
2007 18 Elton Brand 3112 LAC
92%
2006 8 Elton Brand 4007 LAC
92%
2005 24 Elton Brand 3039 LAC
92%
2002 20 Elton Brand 3003 LAC
92%
2015 19 Eric Bledsoe 2958 PHO
92%
1970 17 Flynn Robinson 3177 MIL
92%
1976 24 Fred Carter 2871 PHI
92%
1975 24 Fred Carter 2800 PHI
92%
1974 20 Fred Carter 3059 PHI
92%
2004 22 Gary Payton 3056 LAL
92%
2003 11 Gary Payton 3689 SEA,MIL
92%
2002 7 Gary Payton 4059 SEA
92%
2001 14 Gary Payton 3621 SEA
92%
2000 2 Gary Payton 4397 SEA
92%
1999 7 Gary Payton 2321 SEA
92%
1998 3 Gary Payton 3941 SEA
92%
1997 4 Gary Payton 4127 SEA
92%
1996 4 Gary Payton 4240 SEA
92%
1995 11 Gary Payton 3481 SEA
92%
1994 22 Gary Payton 2975 SEA
92%
2007 12 Gilbert Arenas 3481 WAS
92%
2006 6 Gilbert Arenas 4098 WAS
92%
2005 9 Gilbert Arenas 3839 WAS
92%
2003 22 Gilbert Arenas 3052 GSW
92%
2001 16 Glenn Robinson 3473 MIL
92%
2017 23 Gordon Hayward 3011 UTA
92%
2000 13 Grant Hill 3364 DET
92%
1999 6 Grant Hill 2334 DET
92%
1998 5 Grant Hill 3633 DET
92%
1997 8 Grant Hill 4004 DET
92%
1996 10 Grant Hill 3749 DET
92%
1971 25 Gus Johnson 3031 BAL
92%
1970 16 Gus Johnson 3194 BAL
92%
1967 19 Gus Johnson 2754 BAL
92%
1965 8 Gus Johnson 3280 BAL
92%
1964 15 Gus Johnson 2754 BAL
92%
1999 20 Hakeem Olajuwon 1898 HOU
92%
1997 6 Hakeem Olajuwon 4014 HOU
92%
1996 7 Hakeem Olajuwon 3900 HOU
92%
1995 1 Hakeem Olajuwon 4901 HOU
92%
1994 1 Hakeem Olajuwon 5384 HOU
92%
1993 3 Hakeem Olajuwon 4952 HOU
92%
1990 6 Hakeem Olajuwon 4331 HOU
92%
1989 5 Hakeem Olajuwon 4130 HOU
92%
1988 11 Hakeem Olajuwon 3717 HOU
92%
1987 7 Hakeem Olajuwon 3958 HOU
92%
1986 6 Hakeem Olajuwon 3977 HOU
92%
1985 15 Hakeem Olajuwon 3412 HOU
92%
1992 15 Horace Grant 3259 CHI
92%
2017 6 Isaiah Thomas 3994 BOS
92%
2016 13 Isaiah Thomas 3416 BOS
92%
1993 21 Isiah Thomas 3106 DET
92%
1992 25 Isiah Thomas 3120 DET
92%
1990 5 Isiah Thomas 4382 DET
92%
1989 11 Isiah Thomas 3905 DET
92%
1988 5 Isiah Thomas 4456 DET
92%
1987 4 Isiah Thomas 4520 DET
92%
1986 7 Isiah Thomas 3973 DET
92%
1985 3 Isiah Thomas 5030 DET
92%
1984 3 Isiah Thomas 4395 DET
92%
1983 5 Isiah Thomas 3678 DET
92%
2011 19 Jason Kidd 3100 DAL
92%
2010 20 Jason Kidd 3085 DAL
92%
2009 18 Jason Kidd 3149 DAL
92%
2008 14 Jason Kidd 3390 NJN,DAL
92%
2007 6 Jason Kidd 3913 NJN
92%
2006 13 Jason Kidd 3615 NJN
92%
2004 13 Jason Kidd 3277 NJN
92%
2003 4 Jason Kidd 4547 NJN
92%
2002 1 Jason Kidd 4575 NJN
92%
2001 11 Jason Kidd 3683 PHO
92%
2000 18 Jason Kidd 3177 PHO
92%
1999 4 Jason Kidd 2516 PHO
92%
1998 13 Jason Kidd 3302 PHO
92%
1996 11 Jason Kidd 3668 DAL
92%
2017 18 Jeff Teague 3132 IND
92%
2015 15 Jeff Teague 3093 ATL
92%
2014 24 Jeff Teague 2916 ATL
92%
2004 8 Jermaine O'Neal 3465 IND
92%
2003 19 Jermaine O'Neal 3221 IND
92%
2002 18 Jerry Stackhouse 3181 DET
92%
2001 12 Jerry Stackhouse 3666 DET
92%
2000 16 Jerry Stackhouse 3231 DET
92%
2010 18 Joe Johnson 3173 ATL
92%
2009 10 Joe Johnson 3368 ATL
92%
2008 13 Joe Johnson 3421 ATL
92%
2006 21 Joe Johnson 3194 ATL
92%
1963 16 Johnny Green 2712 NYK
92%
1962 22 Johnny Green 2723 NYK
92%
2002 19 John Stockton 3047 UTA
92%
2000 20 John Stockton 3132 UTA
92%
1999 19 John Stockton 1902 UTA
92%
1997 3 John Stockton 4132 UTA
92%
1996 5 John Stockton 4105 UTA
92%
1995 7 John Stockton 3911 UTA
92%
1994 5 John Stockton 4409 UTA
92%
1993 8 John Stockton 3870 UTA
92%
1992 2 John Stockton 4842 UTA
92%
1991 3 John Stockton 4704 UTA
92%
1990 7 John Stockton 4291 UTA
92%
1989 4 John Stockton 4351 UTA
92%
1988 4 John Stockton 4581 UTA
92%
2017 4 John Wall 4705 WAS
92%
2016 9 John Wall 3692 WAS
92%
2015 5 John Wall 3861 WAS
92%
2014 5 John Wall 3952 WAS
92%
2012 14 John Wall 2588 WAS
92%
1977 10 Jo Jo White 3483 BOS
92%
1976 9 Jo Jo White 3581 BOS
92%
1975 14 Jo Jo White 3292 BOS
92%
1974 10 Jo Jo White 3451 BOS
92%
1973 14 Jo Jo White 3561 BOS
92%
1972 16 Jo Jo White 3536 BOS
92%
2015 24 Josh Smith 2757 DET,HOU
92%
2013 19 Josh Smith 3041 ATL
92%
2012 10 Josh Smith 2801 ATL
92%
2011 21 Josh Smith 3051 ATL
92%
2010 15 Josh Smith 3304 ATL
92%
2008 22 Josh Smith 3182 ATL
92%
1996 15 Juwan Howard 3275 WSB
92%
2003 15 Karl Malone 3402 UTA
92%
2002 12 Karl Malone 3521 UTA
92%
2001 13 Karl Malone 3649 UTA
92%
2000 3 Karl Malone 4069 UTA
92%
1999 2 Karl Malone 2608 UTA
92%
1998 1 Karl Malone 4743 UTA
92%
1997 1 Karl Malone 4858 UTA
92%
1996 2 Karl Malone 4659 UTA
92%
1995 4 Karl Malone 4106 UTA
92%
1994 2 Karl Malone 4686 UTA
92%
1993 6 Karl Malone 4161 UTA
92%
1992 5 Karl Malone 4593 UTA
92%
1991 4 Karl Malone 4522 UTA
92%
1990 8 Karl Malone 4289 UTA
92%
1989 9 Karl Malone 3984 UTA
92%
1988 6 Karl Malone 4330 UTA
92%
1987 23 Karl Malone 3289 UTA
92%
2019 13 Kemba Walker 3567 CHO
92%
2018 23 Kemba Walker 3021 CHO
92%
2017 21 Kemba Walker 3113 CHO
92%
2016 15 Kemba Walker 3302 CHO
92%
2003 20 Kenyon Martin 3200 NJN
92%
2012 13 Kevin Garnett 2610 BOS
92%
2008 9 Kevin Garnett 3711 BOS
92%
2007 9 Kevin Garnett 3520 MIN
92%
2006 16 Kevin Garnett 3449 MIN
92%
2005 4 Kevin Garnett 4090 MIN
92%
2004 1 Kevin Garnett 5192 MIN
92%
2003 3 Kevin Garnett 4555 MIN
92%
2002 8 Kevin Garnett 3929 MIN
92%
2001 5 Kevin Garnett 3939 MIN
92%
2000 4 Kevin Garnett 4057 MIN
92%
1999 9 Kevin Garnett 2211 MIN
92%
1998 9 Kevin Garnett 3472 MIN
92%
1997 18 Kevin Johnson 3262 PHO
92%
1994 11 Kevin Johnson 3420 PHO
92%
1992 7 Kevin Johnson 4061 PHO
92%
1991 10 Kevin Johnson 3862 PHO
92%
1990 4 Kevin Johnson 4494 PHO
92%
1989 3 Kevin Johnson 4785 PHO
92%
2016 21 Kevin Love 3036 CLE
92%
2014 7 Kevin Love 3749 MIN
92%
2012 16 Kevin Love 2463 MIN
92%
2011 22 Kevin Love 3029 MIN
92%
2016 14 Klay Thompson 3331 GSW
92%
2015 14 Klay Thompson 3121 GSW
92%
2013 6 Kobe Bryant 3635 LAL
92%
2012 6 Kobe Bryant 3084 LAL
92%
2011 6 Kobe Bryant 3731 LAL
92%
2010 2 Kobe Bryant 4332 LAL
92%
2009 2 Kobe Bryant 4714 LAL
92%
2008 1 Kobe Bryant 4942 LAL
92%
2007 3 Kobe Bryant 4083 LAL
92%
2006 4 Kobe Bryant 4476 LAL
92%
2005 22 Kobe Bryant 3146 LAL
92%
2004 3 Kobe Bryant 3650 LAL
92%
2003 2 Kobe Bryant 4820 LAL
92%
2002 3 Kobe Bryant 4324 LAL
92%
2001 4 Kobe Bryant 3988 LAL
92%
2000 8 Kobe Bryant 3536 LAL
92%
1999 11 Kobe Bryant 2074 LAL
92%
2019 22 LaMarcus Aldridge 3266 SAS
92%
2018 24 LaMarcus Aldridge 3000 SAS
92%
2015 20 LaMarcus Aldridge 2948 POR
92%
2014 13 LaMarcus Aldridge 3317 POR
92%
2011 16 LaMarcus Aldridge 3198 POR
92%
1996 18 Larry Johnson 3151 CHH
92%
1995 19 Larry Johnson 3088 CHH
92%
1993 9 Larry Johnson 3767 CHH
92%
1992 19 Larry Johnson 3191 CHH
92%
1973 21 Lenny Wilkens 3140 CLE
92%
1972 18 Lenny Wilkens 3308 SEA
92%
1970 21 Lenny Wilkens 3078 SEA
92%
1969 10 Lenny Wilkens 3694 SEA
92%
1968 8 Lenny Wilkens 3676 STL
92%
1967 16 Lenny Wilkens 3042 STL
92%
1966 14 Lenny Wilkens 2789 STL
92%
1965 17 Lenny Wilkens 2617 STL
92%
1964 23 Lenny Wilkens 2351 STL
92%
1963 24 Lenny Wilkens 2411 STL
92%
1967 23 Leroy Ellis 2513 BAL
92%
1965 19 Lucious Jackson 2532 PHI
92%
1991 2 Magic Johnson 5250 LAL
92%
1990 2 Magic Johnson 4793 LAL
92%
1989 2 Magic Johnson 5174 LAL
92%
1988 2 Magic Johnson 4951 LAL
92%
1987 1 Magic Johnson 5548 LAL
92%
1986 2 Magic Johnson 4575 LAL
92%
1985 2 Magic Johnson 5037 LAL
92%
1984 2 Magic Johnson 4769 LAL
92%
1983 1 Magic Johnson 4716 LAL
92%
1982 1 Magic Johnson 4630 LAL
92%
1980 3 Magic Johnson 4155 LAL
92%
2008 25 Manu Ginobili 3118 SAS
92%
2005 23 Manu Ginobili 3077 SAS
92%
2017 25 Marc Gasol 2963 MEM
92%
2015 9 Marc Gasol 3315 MEM
92%
2013 16 Marc Gasol 3131 MEM
92%
2012 21 Marc Gasol 2334 MEM
92%
1999 26 Mark Jackson 1818 IND
92%
1998 18 Mark Jackson 3021 IND
92%
1997 21 Mark Jackson 3186 DEN,IND
92%
1993 14 Mark Jackson 3355 LAC
92%
1989 18 Mark Jackson 3302 NYK
92%
1988 18 Mark Jackson 3621 NYK
92%
1984 19 Marques Johnson 3347 MIL
92%
1983 9 Marques Johnson 3519 MIL
92%
1981 12 Marques Johnson 3231 MIL
92%
1980 18 Marques Johnson 3191 MIL
92%
1979 19 Marques Johnson 3231 MIL
92%
1978 12 Marques Johnson 3396 MIL
92%
1998 2 Michael Jordan 4563 CHI
92%
1997 2 Michael Jordan 4770 CHI
92%
1996 1 Michael Jordan 4788 CHI
92%
1993 1 Michael Jordan 5279 CHI
92%
1992 1 Michael Jordan 5360 CHI
92%
1991 1 Michael Jordan 5268 CHI
92%
1990 1 Michael Jordan 5616 CHI
92%
1989 1 Michael Jordan 5909 CHI
92%
1988 1 Michael Jordan 5240 CHI
92%
1987 3 Michael Jordan 4763 CHI
92%
1985 4 Michael Jordan 4297 CHI
92%
1980 17 Mickey Johnson 3200 IND
92%
2014 15 Monta Ellis 3171 DAL
92%
2013 14 Monta Ellis 3215 MIL
92%
2011 14 Monta Ellis 3301 GSW
92%
1989 22 Moses Malone 3190 ATL
92%
1985 6 Moses Malone 3909 PHI
92%
1984 23 Moses Malone 3136 PHI
92%
1983 3 Moses Malone 4178 PHI
92%
1982 3 Moses Malone 4340 HOU
92%
1981 1 Moses Malone 4901 HOU
92%
1980 4 Moses Malone 4102 HOU
92%
1979 3 Moses Malone 4070 HOU
92%
1977 20 Moses Malone 3057 BUF,HOU
92%
1983 16 Mychal Thompson 3203 POR
92%
1982 15 Mychal Thompson 3377 POR
92%
1981 22 Mychal Thompson 2949 POR
92%
1974 23 Neal Walk 3010 PHO
92%
1973 20 Neal Walk 3215 PHO
92%
2015 10 Pau Gasol 3283 CHI
92%
2012 12 Pau Gasol 2789 LAL
92%
2011 11 Pau Gasol 3407 LAL
92%
2010 11 Pau Gasol 3434 LAL
92%
2009 6 Pau Gasol 3858 LAL
92%
2006 17 Pau Gasol 3421 MEM
92%
2002 25 Pau Gasol 2827 MEM
92%
2016 16 Paul Millsap 3284 ATL
92%
2015 18 Paul Millsap 2964 ATL
92%
2014 25 Paul Millsap 2901 ATL
92%
2013 21 Paul Pierce 2992 BOS
92%
2012 9 Paul Pierce 2812 BOS
92%
2010 24 Paul Pierce 2953 BOS
92%
2009 13 Paul Pierce 3291 BOS
92%
2008 7 Paul Pierce 3758 BOS
92%
2006 15 Paul Pierce 3537 BOS
92%
2005 14 Paul Pierce 3477 BOS
92%
2004 6 Paul Pierce 3508 BOS
92%
2003 8 Paul Pierce 4049 BOS
92%
2002 4 Paul Pierce 4182 BOS
92%
2001 22 Paul Pierce 3306 BOS
92%
1977 24 Phil Smith 2972 GSW
92%
1976 11 Phil Smith 3387 GSW
92%
2016 17 Rajon Rondo 3123 SAC
92%
2012 4 Rajon Rondo 3183 BOS
92%
2011 20 Rajon Rondo 3059 BOS
92%
2010 3 Rajon Rondo 4266 BOS
92%
2009 8 Rajon Rondo 3531 BOS
92%
1978 11 Randy Smith 3430 BUF
92%
1977 16 Randy Smith 3221 BUF
92%
1976 7 Randy Smith 3752 BUF
92%
1975 15 Randy Smith 3281 BUF
92%
2016 24 Reggie Jackson 2948 DET
92%
2005 16 Richard Hamilton 3400 DET
92%
2004 15 Richard Hamilton 3216 DET
92%
2006 24 Richard Jefferson 3118 NJN
92%
2004 21 Richard Jefferson 3122 NJN
92%
1984 15 Rickey Green 3452 UTA
92%
2005 15 Shaquille O'Neal 3464 MIA
92%
2004 2 Shaquille O'Neal 3742 LAL
92%
2003 9 Shaquille O'Neal 3823 LAL
92%
2002 6 Shaquille O'Neal 4061 LAL
92%
2001 1 Shaquille O'Neal 4751 LAL
92%
2000 1 Shaquille O'Neal 5567 LAL
92%
1999 3 Shaquille O'Neal 2532 LAL
92%
1998 8 Shaquille O'Neal 3492 LAL
92%
1996 20 Shaquille O'Neal 3053 ORL
92%
1995 2 Shaquille O'Neal 4896 ORL
92%
1994 6 Shaquille O'Neal 4273 ORL
92%
1993 10 Shaquille O'Neal 3665 ORL
92%
1957 23 Slater Martin 1850 NYK,STL
92%
1956 16 Slater Martin 2188 MNL
92%
1955 14 Slater Martin 2276 MNL
92%
2010 23 Stephen Jackson 2971 GSW,CHA
92%
2012 22 Steve Nash 2332 PHO
92%
2011 17 Steve Nash 3128 PHO
92%
2010 4 Steve Nash 4102 PHO
92%
2008 10 Steve Nash 3683 PHO
92%
2007 4 Steve Nash 4052 PHO
92%
2006 5 Steve Nash 4448 PHO
92%
2005 6 Steve Nash 4003 PHO
92%
2004 23 Steve Nash 2997 DAL
92%
2003 12 Steve Nash 3676 DAL
92%
2002 14 Steve Nash 3377 DAL
92%
2014 14 Tim Duncan 3173 SAS
92%
2013 12 Tim Duncan 3241 SAS
92%
2010 17 Tim Duncan 3203 SAS
92%
2009 20 Tim Duncan 3122 SAS
92%
2008 6 Tim Duncan 3785 SAS
92%
2007 2 Tim Duncan 4125 SAS
92%
2006 12 Tim Duncan 3699 SAS
92%
2005 10 Tim Duncan 3665 SAS
92%
2004 7 Tim Duncan 3496 SAS
92%
2003 1 Tim Duncan 5161 SAS
92%
2002 2 Tim Duncan 4522 SAS
92%
2001 3 Tim Duncan 4221 SAS
92%
2000 14 Tim Duncan 3333 SAS
92%
1999 1 Tim Duncan 2812 SAS
92%
1998 4 Tim Duncan 3746 SAS
92%
1999 22 Tim Hardaway 1883 MIA
92%
1998 6 Tim Hardaway 3542 MIA
92%
1997 5 Tim Hardaway 4124 MIA
92%
1996 24 Tim Hardaway 2970 GSW,MIA
92%
1993 19 Tim Hardaway 3208 GSW
92%
1992 6 Tim Hardaway 4178 GSW
92%
1991 5 Tim Hardaway 4522 GSW
92%
2019 23 Tobias Harris 3246 LAC,PHI
92%
2013 9 Tony Parker 3416 SAS
92%
2012 11 Tony Parker 2789 SAS
92%
2009 21 Tony Parker 3106 SAS
92%
2007 13 Tony Parker 3341 SAS
92%
2006 20 Tony Parker 3213 SAS
92%
2005 17 Tony Parker 3394 SAS
92%
2003 25 Tony Parker 3037 SAS
92%
2007 10 Tracy McGrady 3500 HOU
92%
2005 7 Tracy McGrady 3952 HOU
92%
2004 19 Tracy McGrady 3155 ORL
92%
2003 6 Tracy McGrady 4255 ORL
92%
2002 10 Tracy McGrady 3738 ORL
92%
2001 7 Tracy McGrady 3822 ORL
92%
1981 19 Truck Robinson 3032 PHO
92%
1978 7 Truck Robinson 3644 NOJ
92%
2015 21 Ty Lawson 2918 DEN
92%
2012 19 Ty Lawson 2359 DEN
92%
2018 13 Victor Oladipo 3326 IND
92%
2007 5 Vince Carter 3956 NJN
92%
2006 11 Vince Carter 3741 NJN
92%
2005 21 Vince Carter 3294 TOR,NJN
92%
2001 8 Vince Carter 3821 TOR
92%
2000 7 Vince Carter 3550 TOR
92%
2009 24 Yao Ming 3014 HOU
92%
2011 12 Zach Randolph 3348 MEM
92%
2010 22 Zach Randolph 3043 MEM
92%
1989 16 Alex English 3459 DEN
83%
1988 16 Alex English 3652 DEN
83%
1987 11 Alex English 3717 DEN
83%
1986 5 Alex English 3981 DEN
83%
1985 5 Alex English 4218 DEN
83%
1984 6 Alex English 3867 DEN
83%
1983 2 Alex English 4283 DEN
83%
1982 6 Alex English 3834 DEN
83%
1981 10 Alex English 3361 DEN
83%
1999 25 Allan Houston 1818 NYK
83%
1988 12 Alvin Robertson 3687 SAS
83%
1986 19 Alvin Robertson 3232 SAS
83%
2009 19 Andre Miller 3133 PHI
83%
2008 24 Andre Miller 3119 PHI
83%
2006 23 Andre Miller 3131 DEN
83%
2002 11 Andre Miller 3638 CLE
83%
2001 24 Andre Miller 3117 CLE
83%
2012 15 Andrew Bynum 2556 LAL
83%
2009 25 Antawn Jamison 2948 WAS
83%
2001 23 Antawn Jamison 3229 GSW
83%
2007 24 Ben Gordon 3012 CHI
83%
1968 23 Bob Boozer 2815 CHI
83%
1963 21 Bob Boozer 2505 CIN
83%
1963 17 Bob Cousy 2673 BOS
83%
1962 12 Bob Cousy 3138 BOS
83%
1961 12 Bob Cousy 3275 BOS
83%
1960 6 Bob Cousy 3716 BOS
83%
1959 5 Bob Cousy 3298 BOS
83%
1958 7 Bob Cousy 2848 BOS
83%
1957 4 Bob Cousy 3033 BOS
83%
1956 3 Bob Cousy 3287 BOS
83%
1955 1 Bob Cousy 3367 BOS
83%
1954 2 Bob Cousy 3047 BOS
83%
1953 2 Bob Cousy 3202 BOS
83%
1952 3 Bob Cousy 2879 BOS
83%
1951 7 Bob Cousy 2301 BOS
83%
1978 1 Bob McAdoo 4200 NYK
83%
1977 11 Bob McAdoo 3373 BUF,NYK
83%
1976 2 Bob McAdoo 4738 BUF
83%
1975 1 Bob McAdoo 5011 BUF
83%
1974 3 Bob McAdoo 4361 BUF
83%
1993 18 Brad Daugherty 3239 CLE
83%
1992 10 Brad Daugherty 3677 CLE
83%
1991 21 Brad Daugherty 3101 CLE
83%
2009 14 Brandon Roy 3283 POR
83%
2010 13 Carlos Boozer 3407 UTA
83%
2008 12 Carlos Boozer 3574 UTA
83%
2007 8 Carlos Boozer 3678 UTA
83%
1978 14 Dave Cowens 3384 BOS
83%
1976 3 Dave Cowens 4415 BOS
83%
1975 7 Dave Cowens 3561 BOS
83%
1974 2 Dave Cowens 4458 BOS
83%
1973 3 Dave Cowens 4276 BOS
83%
1972 13 Dave Cowens 3570 BOS
83%
1971 24 Dave Cowens 3045 BOS
83%
2013 18 David Lee 3064 GSW
83%
2010 14 David Lee 3304 NYK
83%
2011 2 Derrick Rose 4520 CHI
83%
2010 19 Derrick Rose 3161 CHI
83%
2009 22 Derrick Rose 3067 CHI
83%
1970 18 Elgin Baylor 3116 LAL
83%
1969 3 Elgin Baylor 4093 LAL
83%
1968 2 Elgin Baylor 4419 LAL
83%
1967 10 Elgin Baylor 3318 LAL
83%
1966 13 Elgin Baylor 2824 LAL
83%
1965 6 Elgin Baylor 3521 LAL
83%
1964 5 Elgin Baylor 3848 LAL
83%
1963 3 Elgin Baylor 5354 LAL
83%
1962 7 Elgin Baylor 3998 LAL
83%
1961 2 Elgin Baylor 5477 LAL
83%
1960 4 Elgin Baylor 4200 MNL
83%
1959 2 Elgin Baylor 3939 MNL
83%
1980 11 Elvin Hayes 3342 WSB
83%
1979 2 Elvin Hayes 4172 WSB
83%
1978 2 Elvin Hayes 4132 WSB
83%
1977 4 Elvin Hayes 3971 WSB
83%
1976 12 Elvin Hayes 3292 WSB
83%
1975 3 Elvin Hayes 4407 WSB
83%
1974 5 Elvin Hayes 4204 CAP
83%
1973 17 Elvin Hayes 3344 BAL
83%
1972 6 Elvin Hayes 3800 HOU
83%
1971 4 Elvin Hayes 4084 SDR
83%
1970 7 Elvin Hayes 3966 SDR
83%
1969 2 Elvin Hayes 4207 SDR
83%
1983 8 George Gervin 3524 SAS
83%
1982 5 George Gervin 3866 SAS
83%
1981 6 George Gervin 3593 SAS
83%
1980 8 George Gervin 3733 SAS
83%
1979 4 George Gervin 4024 SAS
83%
1978 5 George Gervin 3795 SAS
83%
1977 19 George Gervin 3104 SAS
83%
2009 15 Hedo Turkoglu 3278 ORL
83%
2008 18 Hedo Turkoglu 3349 ORL
83%
2003 21 Jalen Rose 3052 CHI
83%
2002 23 Jalen Rose 2902 IND,CHI
83%
2000 12 Jalen Rose 3380 IND
83%
2003 14 Jamal Mashburn 3454 NOH
83%
2001 17 Jamal Mashburn 3464 CHH
83%
1991 16 James Worthy 3328 LAL
83%
1990 22 James Worthy 3226 LAL
83%
1989 15 James Worthy 3477 LAL
83%
1988 20 James Worthy 3466 LAL
83%
1987 20 James Worthy 3405 LAL
83%
2014 16 Joakim Noah 3163 CHI
83%
1977 21 John Havlicek 3029 BOS
83%
1975 9 John Havlicek 3455 BOS
83%
1974 6 John Havlicek 4073 BOS
83%
1973 5 John Havlicek 4004 BOS
83%
1972 2 John Havlicek 4685 BOS
83%
1971 3 John Havlicek 4282 BOS
83%
1970 8 John Havlicek 3695 BOS
83%
1969 4 John Havlicek 4060 BOS
83%
1968 4 John Havlicek 3955 BOS
83%
1967 11 John Havlicek 3197 BOS
83%
1966 12 John Havlicek 2872 BOS
83%
1965 21 John Havlicek 2512 BOS
83%
1964 14 John Havlicek 2763 BOS
83%
1986 10 Kareem Abdul-Jabbar 3663 LAL
83%
1985 7 Kareem Abdul-Jabbar 3861 LAL
83%
1984 7 Kareem Abdul-Jabbar 3825 LAL
83%
1983 6 Kareem Abdul-Jabbar 3622 LAL
83%
1982 8 Kareem Abdul-Jabbar 3762 LAL
83%
1981 4 Kareem Abdul-Jabbar 3912 LAL
83%
1980 1 Kareem Abdul-Jabbar 4850 LAL
83%
1979 1 Kareem Abdul-Jabbar 4628 LAL
83%
1978 13 Kareem Abdul-Jabbar 3385 LAL
83%
1977 1 Kareem Abdul-Jabbar 4965 LAL
83%
1976 1 Kareem Abdul-Jabbar 4941 LAL
83%
1975 6 Kareem Abdul-Jabbar 3666 MIL
83%
1974 1 Kareem Abdul-Jabbar 5519 MIL
83%
1973 2 Kareem Abdul-Jabbar 4542 MIL
83%
1972 1 Kareem Abdul-Jabbar 5536 MIL
83%
1971 1 Kareem Abdul-Jabbar 5131 MIL
83%
1970 1 Kareem Abdul-Jabbar 4827 MIL
83%
1988 24 Kevin McHale 3128 BOS
83%
1987 6 Kevin McHale 4130 BOS
83%
1986 17 Kevin McHale 3274 BOS
83%
1985 13 Kevin McHale 3503 BOS
83%
1979 6 Kevin Porter 3830 DET
83%
1978 18 Kevin Porter 3260 DET,NJN
83%
1975 20 Kevin Porter 3112 WSB
83%
2014 22 Lance Stephenson 2987 IND
83%
1991 22 Larry Bird 3090 BOS
83%
1990 13 Larry Bird 4089 BOS
83%
1988 3 Larry Bird 4941 BOS
83%
1987 2 Larry Bird 5324 BOS
83%
1986 1 Larry Bird 5229 BOS
83%
1985 1 Larry Bird 5411 BOS
83%
1984 1 Larry Bird 5194 BOS
83%
1983 4 Larry Bird 4168 BOS
83%
1982 4 Larry Bird 4239 BOS
83%
1981 2 Larry Bird 4635 BOS
83%
1980 5 Larry Bird 3932 BOS
83%
2004 24 Latrell Sprewell 2987 MIN
83%
2000 19 Latrell Sprewell 3176 NYK
83%
1997 11 Latrell Sprewell 3495 GSW
83%
1994 15 Latrell Sprewell 3271 GSW
83%
2011 25 Luol Deng 2988 CHI
83%
2007 23 Luol Deng 3046 CHI
83%
1988 17 Mark Aguirre 3651 DAL
83%
1987 25 Mark Aguirre 3238 DAL
83%
1986 16 Mark Aguirre 3304 DAL
83%
1985 22 Mark Aguirre 3295 DAL
83%
1984 5 Mark Aguirre 3987 DAL
83%
1983 15 Mark Aguirre 3257 DAL
83%
1993 20 Mark Price 3131 CLE
83%
1992 16 Mark Price 3249 CLE
83%
1990 18 Mark Price 3344 CLE
83%
1989 25 Mark Price 3148 CLE
83%
2004 25 Metta World Peace 2971 IND
83%
2001 19 Michael Finley 3412 DAL
83%
2000 11 Michael Finley 3390 DAL
83%
1998 15 Michael Finley 3173 DAL
83%
2006 25 Michael Redd 3111 MIL
83%
1985 8 Micheal Ray Richardson 3854 NJN
83%
1982 14 Micheal Ray Richardson 3432 NYK
83%
1981 8 Micheal Ray Richardson 3430 NYK
83%
1980 6 Micheal Ray Richardson 3757 NYK
83%
2006 22 Mike Bibby 3142 SAC
83%
2005 19 Mike Bibby 3334 SAC
83%
2004 12 Mike Bibby 3287 SAC
83%
2001 25 Mike Bibby 3094 VAN
83%
2013 15 Mike Conley 3136 MEM
83%
2011 23 Mike Conley 3002 MEM
83%
1997 19 Mitch Richmond 3232 SAC
83%
1995 23 Mitch Richmond 2966 SAC
83%
1991 19 Mitch Richmond 3231 GSW
83%
1989 20 Mitch Richmond 3276 GSW
83%
2014 19 Nicolas Batum 3029 POR
83%
1971 6 Oscar Robertson 3941 MIL
83%
1970 13 Oscar Robertson 3286 CIN
83%
1969 5 Oscar Robertson 4001 CIN
83%
1968 9 Oscar Robertson 3553 CIN
83%
1967 3 Oscar Robertson 4793 CIN
83%
1966 2 Oscar Robertson 4933 CIN
83%
1965 2 Oscar Robertson 4902 CIN
83%
1964 2 Oscar Robertson 5549 CIN
83%
1963 2 Oscar Robertson 5368 CIN
83%
1962 2 Oscar Robertson 5462 CIN
83%
1961 5 Oscar Robertson 4261 CIN
83%
1997 10 Patrick Ewing 3512 NYK
83%
1996 12 Patrick Ewing 3402 NYK
83%
1995 9 Patrick Ewing 3804 NYK
83%
1994 3 Patrick Ewing 4567 NYK
83%
1993 7 Patrick Ewing 4142 NYK
83%
1992 8 Patrick Ewing 4033 NYK
83%
1991 9 Patrick Ewing 3983 NYK
83%
1990 3 Patrick Ewing 4503 NYK
83%
1989 12 Patrick Ewing 3665 NYK
83%
2004 11 Peja Stojakovic 3295 SAC
83%
1992 21 Pooh Richardson 3165 MIN
83%
1991 17 Pooh Richardson 3299 MIN
83%
2009 17 Rashard Lewis 3182 ORL
83%
2005 20 Ray Allen 3323 SEA
83%
2001 6 Ray Allen 3902 MIL
83%
2000 23 Ray Allen 3090 MIL
83%
1992 24 Reggie Lewis 3130 BOS
83%
1995 22 Reggie Miller 2982 IND
83%
1994 25 Reggie Miller 2961 IND
83%
1991 23 Reggie Miller 3082 IND
83%
1990 24 Reggie Miller 3150 IND
83%
1978 10 Rick Barry 3442 GSW
83%
1977 7 Rick Barry 3786 GSW
83%
1976 5 Rick Barry 4034 GSW
83%
1975 2 Rick Barry 4995 GSW
83%
1974 8 Rick Barry 3726 GSW
83%
1973 12 Rick Barry 3640 GSW
83%
1967 2 Rick Barry 4803 SFW
83%
1966 9 Rick Barry 3255 SFW
83%
2012 25 Rudy Gay 2303 MEM
83%
2006 26 Sam Cassell 3111 LAC
83%
2004 5 Sam Cassell 3638 MIN
83%
2003 24 Sam Cassell 3038 MIL
83%
2002 24 Sam Cassell 2861 MIL
83%
2001 15 Sam Cassell 3586 MIL
83%
2000 6 Sam Cassell 3565 MIL
83%
1998 16 Sam Cassell 3066 NJN
83%
2000 25 Scottie Pippen 3035 POR
83%
1999 16 Scottie Pippen 1944 HOU
83%
1997 7 Scottie Pippen 4004 CHI
83%
1996 8 Scottie Pippen 3821 CHI
83%
1995 8 Scottie Pippen 3874 CHI
83%
1994 9 Scottie Pippen 3725 CHI
83%
1993 5 Scottie Pippen 4172 CHI
83%
1992 3 Scottie Pippen 4723 CHI
83%
1991 8 Scottie Pippen 4142 CHI
83%
1990 15 Scottie Pippen 3711 CHI
83%
2002 21 Shareef Abdur-Rahim 2989 ATL
83%
2000 17 Shareef Abdur-Rahim 3206 VAN
83%
1999 13 Shareef Abdur-Rahim 1994 VAN
83%
1998 20 Shareef Abdur-Rahim 3001 VAN
83%
1998 22 Shawn Kemp 2949 CLE
83%
1997 15 Shawn Kemp 3350 SEA
83%
1996 9 Shawn Kemp 3770 SEA
83%
1995 17 Shawn Kemp 3129 SEA
83%
1994 18 Shawn Kemp 3183 SEA
83%
1993 12 Shawn Kemp 3466 SEA
83%
2007 19 Shawn Marion 3095 PHO
83%
2006 7 Shawn Marion 4073 PHO
83%
2005 11 Shawn Marion 3608 PHO
83%
2003 17 Shawn Marion 3392 PHO
83%
2002 22 Shawn Marion 2909 PHO
83%
2005 13 Stephon Marbury 3493 NYK
83%
2004 4 Stephon Marbury 3639 PHO,NYK
83%
2003 10 Stephon Marbury 3736 PHO
83%
2002 15 Stephon Marbury 3362 PHO
83%
2000 15 Stephon Marbury 3251 NJN
83%
1999 10 Stephon Marbury 2127 MIN,NJN
83%
1998 12 Stephon Marbury 3372 MIN
83%
2005 18 Steve Francis 3347 ORL
83%
2004 20 Steve Francis 3125 HOU
83%
2003 18 Steve Francis 3388 HOU
83%
2001 20 Steve Francis 3350 HOU
83%
1990 17 Terry Cummings 3493 SAS
83%
1989 23 Terry Cummings 3167 MIL
83%
1987 17 Terry Cummings 3518 MIL
83%
1986 13 Terry Cummings 3440 MIL
83%
1985 12 Terry Cummings 3566 MIL
83%
1984 25 Terry Cummings 3058 SDC
83%
1992 9 Terry Porter 3687 POR
83%
1991 13 Terry Porter 3699 POR
83%
1990 12 Terry Porter 4120 POR
83%
1989 13 Terry Porter 3626 POR
83%
1988 19 Terry Porter 3576 POR
83%
1981 13 Tiny Archibald 3132 BOS
83%
1980 20 Tiny Archibald 3077 BOS
83%
1976 10 Tiny Archibald 3519 KCK
83%
1975 4 Tiny Archibald 3832 KCO
83%
1973 1 Tiny Archibald 4762 KCO
83%
1972 7 Tiny Archibald 3769 CIN
83%
1975 10 Walt Frazier 3436 NYK
83%
1974 7 Walt Frazier 3943 NYK
83%
1973 6 Walt Frazier 3849 NYK
83%
1972 5 Walt Frazier 3889 NYK
83%
1971 7 Walt Frazier 3801 NYK
83%
1970 4 Walt Frazier 4097 NYK
83%
1969 11 Walt Frazier 3640 NYK
83%
1973 4 Wilt Chamberlain 4020 LAL
83%
1972 4 Wilt Chamberlain 4076 LAL
83%
1971 2 Wilt Chamberlain 4461 LAL
83%
1969 1 Wilt Chamberlain 4894 LAL
83%
1968 1 Wilt Chamberlain 6147 PHI
83%
1967 1 Wilt Chamberlain 6206 PHI
83%
1966 1 Wilt Chamberlain 5741 PHI
83%
1965 1 Wilt Chamberlain 5424 SFW,PHI
83%
1964 1 Wilt Chamberlain 6337 SFW
83%
1963 1 Wilt Chamberlain 6082 SFW
83%
1962 1 Wilt Chamberlain 7278 PHW
83%
1961 1 Wilt Chamberlain 5670 PHW
83%
1960 1 Wilt Chamberlain 5553 PHW
83%
1986 18 Adrian Dantley 3258 UTA
75%
1984 4 Adrian Dantley 4091 UTA
75%
1982 10 Adrian Dantley 3728 UTA
75%
1981 5 Adrian Dantley 3732 UTA
75%
1978 25 Adrian Dantley 3071 IND,LAL
75%
1982 25 Alvan Adams 2931 PHO
75%
1979 15 Alvan Adams 3340 PHO
75%
1976 4 Alvan Adams 4155 PHO
75%
1998 24 Anthony Mason 2915 CHH
75%
1996 23 Anthony Mason 3009 NYK
75%
1999 15 Antonio McDyess 1950 DEN
75%
1983 13 Artis Gilmore 3352 SAS
75%
1981 14 Artis Gilmore 3108 CHI
75%
1979 9 Artis Gilmore 3737 CHI
75%
1978 6 Artis Gilmore 3699 CHI
75%
1977 12 Artis Gilmore 3360 CHI
75%
1968 12 Bailey Howell 3226 BOS
75%
1967 20 Bailey Howell 2718 BOS
75%
1966 21 Bailey Howell 2535 BAL
75%
1965 10 Bailey Howell 3149 BAL
75%
1964 12 Bailey Howell 2852 DET
75%
1963 7 Bailey Howell 3302 DET
75%
1962 10 Bailey Howell 3286 DET
75%
1961 8 Bailey Howell 3464 DET
75%
1960 21 Bailey Howell 2305 DET
75%
1984 17 Bernard King 3424 NYK
75%
1982 23 Bernard King 2967 GSW
75%
1981 20 Bernard King 3002 GSW
75%
1979 17 Bernard King 3266 NJN
75%
1978 22 Bernard King 3204 NJN
75%
1970 12 Bill Bridges 3404 ATL
75%
1969 22 Bill Bridges 3093 ATL
75%
1968 17 Bill Bridges 3086 STL
75%
1967 9 Bill Bridges 3361 STL
75%
1966 15 Bill Bridges 2786 STL
75%
1965 23 Bill Bridges 2274 STL
75%
1988 25 Bill Laimbeer 3103 DET
75%
1986 24 Bill Laimbeer 3004 DET
75%
1985 25 Bill Laimbeer 3171 DET
75%
1960 24 Bill Sharman 2224 BOS
75%
1959 14 Bill Sharman 2429 BOS
75%
1958 14 Bill Sharman 2367 BOS
75%
1957 10 Bill Sharman 2475 BOS
75%
1956 12 Bill Sharman 2454 BOS
75%
1955 12 Bill Sharman 2374 BOS
75%
1954 13 Bill Sharman 2026 BOS
75%
1953 20 Bill Sharman 1932 BOS
75%
1977 6 Bill Walton 3836 POR
75%
1977 14 Billy Knight 3313 IND
75%
1979 10 Bob Dandridge 3712 WSB
75%
1978 16 Bob Dandridge 3328 WSB
75%
1975 25 Bob Dandridge 2800 MIL
75%
1972 25 Bob Dandridge 2962 MIL
75%
1971 18 Bob Dandridge 3137 MIL
75%
1977 18 Bob Lanier 3141 DET
75%
1976 15 Bob Lanier 3149 DET
75%
1975 5 Bob Lanier 3831 DET
75%
1974 4 Bob Lanier 4290 DET
75%
1973 10 Bob Lanier 3652 DET
75%
1972 9 Bob Lanier 3684 DET
75%
1964 3 Bob Pettit 4424 STL
75%
1963 5 Bob Pettit 4504 STL
75%
1962 4 Bob Pettit 4466 STL
75%
1961 3 Bob Pettit 4814 STL
75%
1960 3 Bob Pettit 4307 STL
75%
1959 1 Bob Pettit 3999 STL
75%
1958 1 Bob Pettit 3736 STL
75%
1957 1 Bob Pettit 3574 STL
75%
1956 1 Bob Pettit 3664 STL
75%
1955 4 Bob Pettit 2918 MLH
75%
2006 14 Boris Diaw 3542 PHO
75%
2013 24 Brandon Jennings 2924 MIL
75%
2012 20 Brandon Jennings 2342 MIL
75%
1977 23 Calvin Murphy 2982 HOU
75%
1976 13 Calvin Murphy 3280 HOU
75%
1975 23 Calvin Murphy 2841 HOU
75%
1974 15 Calvin Murphy 3207 HOU
75%
1994 14 Charles Oakley 3277 NYK
75%
1992 11 Chris Mullin 3445 GSW
75%
1991 11 Chris Mullin 3765 GSW
75%
1990 23 Chris Mullin 3225 GSW
75%
1989 6 Chris Mullin 4083 GSW
75%
1997 24 Christian Laettner 3136 ATL
75%
1983 19 Dan Issel 3179 DEN
75%
1982 19 Dan Issel 3051 DEN
75%
1981 25 Dan Issel 2877 DEN
75%
1980 16 Dan Issel 3208 DEN
75%
1978 4 Dan Issel 3837 DEN
75%
1977 17 Dan Issel 3168 DEN
75%
1993 15 Dan Majerle 3311 PHO
75%
1988 23 Danny Ainge 3136 BOS
75%
1994 24 Danny Manning 2966 LAC,ATL
75%
1993 23 Danny Manning 3098 LAC
75%
1992 22 Danny Manning 3148 LAC
75%
1976 25 Dave Bing 2867 WSB
75%
1975 16 Dave Bing 3269 DET
75%
1974 14 Dave Bing 3283 DET
75%
1973 15 Dave Bing 3412 DET
75%
1971 13 Dave Bing 3393 DET
75%
1969 17 Dave Bing 3274 DET
75%
1968 6 Dave Bing 3784 DET
75%
1967 22 Dave Bing 2620 DET
75%
1974 25 Dave DeBusschere 2981 NYK
75%
1973 22 Dave DeBusschere 3123 NYK
75%
1972 20 Dave DeBusschere 3249 NYK
75%
1970 24 Dave DeBusschere 2947 NYK
75%
1968 16 Dave DeBusschere 3117 DET
75%
1967 18 Dave DeBusschere 2779 DET
75%
1966 19 Dave DeBusschere 2631 DET
75%
1965 14 Dave DeBusschere 2702 DET
75%
2017 24 Dennis Schroder 3010 ATL
75%
1990 20 Derek Harper 3264 DAL
75%
1988 15 Derek Harper 3662 DAL
75%
1994 13 Derrick Coleman 3345 NJN
75%
1993 13 Derrick Coleman 3460 NJN
75%
1998 25 Detlef Schrempf 2871 SEA
75%
1995 24 Detlef Schrempf 2951 SEA
75%
1993 11 Detlef Schrempf 3601 IND
75%
1994 20 Dikembe Mutombo 3028 DEN
75%
1988 13 Doc Rivers 3679 ATL
75%
1987 19 Doc Rivers 3480 ATL
75%
1961 6 Dolph Schayes 3718 SYR
75%
1960 8 Dolph Schayes 3312 SYR
75%
1959 4 Dolph Schayes 3305 SYR
75%
1958 3 Dolph Schayes 3398 SYR
75%
1957 2 Dolph Schayes 3308 SYR
75%
1956 4 Dolph Schayes 3105 SYR
75%
1955 3 Dolph Schayes 3076 SYR
75%
1954 4 Dolph Schayes 2918 SYR
75%
1953 5 Dolph Schayes 2673 SYR
75%
1952 10 Dolph Schayes 2267 SYR
75%
1951 2 Dolph Schayes 2988 SYR
75%
1950 3 Dolph Schayes 1834 SYR
75%
1990 16 Fat Lever 3527 DEN
75%
1989 14 Fat Lever 3481 DEN
75%
1988 9 Fat Lever 4032 DEN
75%
1987 8 Fat Lever 3939 DEN
75%
1986 20 Fat Lever 3180 DEN
75%
1985 18 Fat Lever 3351 DEN
75%
1974 9 Gail Goodrich 3500 LAL
75%
1973 18 Gail Goodrich 3276 LAL
75%
1972 12 Gail Goodrich 3647 LAL
75%
1970 11 Gail Goodrich 3424 PHO
75%
1969 13 Gail Goodrich 3404 PHO
75%
1956 18 George King 2097 SYR
75%
1954 20 George King 1781 SYR
75%
1953 22 George King 1848 SYR
75%
1954 1 George Mikan 3155 MNL
75%
1953 1 George Mikan 3320 MNL
75%
1952 1 George Mikan 3363 MNL
75%
1951 1 George Mikan 3566 MNL
75%
1950 1 George Mikan 2707 MNL
75%
1949 1 George Mikan 2479 MNL
75%
1960 19 George Yardley 2355 SYR
75%
1959 19 George Yardley 2125 DET,SYR
75%
1958 4 George Yardley 3233 DET
75%
1957 8 George Yardley 2688 FTW
75%
1956 8 George Yardley 2658 FTW
75%
1955 16 George Yardley 2227 FTW
75%
1998 23 Glen Rice 2932 CHH
75%
2013 25 Greivis Vasquez 2900 NOH
75%
1970 19 Hal Greer 3096 PHI
75%
1969 15 Hal Greer 3315 PHI
75%
1968 7 Hal Greer 3688 PHI
75%
1967 8 Hal Greer 3455 PHI
75%
1966 10 Hal Greer 3220 PHI
75%
1965 13 Hal Greer 2856 PHI
75%
1964 9 Hal Greer 3292 PHI
75%
1963 14 Hal Greer 2755 SYR
75%
1962 21 Hal Greer 2769 SYR
75%
1961 18 Hal Greer 2796 SYR
75%
1957 18 Jack Coleman 1964 STL
75%
1956 11 Jack Coleman 2486 ROC,STL
75%
1955 18 Jack Coleman 2185 ROC
75%
1954 22 Jack Coleman 1759 ROC
75%
1953 12 Jack Coleman 2075 ROC
75%
1952 15 Jack Coleman 2046 ROC
75%
1951 8 Jack Coleman 2193 ROC
75%
1984 13 Jack Sikma 3496 SEA
75%
1982 9 Jack Sikma 3738 SEA
75%
1981 17 Jack Sikma 3049 SEA
75%
1980 14 Jack Sikma 3220 SEA
75%
1979 13 Jack Sikma 3542 SEA
75%
1982 22 Jamaal Wilkes 2969 LAL
75%
1981 21 Jamaal Wilkes 2954 LAL
75%
1980 10 Jamaal Wilkes 3403 LAL
75%
1976 18 Jamaal Wilkes 3036 GSW
75%
1975 26 Jamaal Wilkes 2800 GSW
75%
1994 21 Jeff Hornacek 2975 PHI,UTA
75%
1993 22 Jeff Hornacek 3101 PHI
75%
1992 13 Jeff Hornacek 3364 PHO
75%
1972 14 Jerry Lucas 3570 NYK
75%
1971 10 Jerry Lucas 3557 SFW
75%
1969 14 Jerry Lucas 3329 CIN
75%
1968 5 Jerry Lucas 3822 CIN
75%
1967 6 Jerry Lucas 3664 CIN
75%
1966 5 Jerry Lucas 4027 CIN
75%
1965 9 Jerry Lucas 3244 CIN
75%
1964 8 Jerry Lucas 3498 CIN
75%
1991 18 Joe Dumars 3298 DET
75%
1979 18 John Lucas 3256 GSW
75%
1993 25 John Starks 3021 NYK
75%
1997 17 Kenny Anderson 3275 POR
75%
1995 21 Kenny Anderson 2994 NJN
75%
1994 8 Kenny Anderson 3739 NJN
75%
1994 17 Kevin Willis 3199 ATL
75%
1992 18 Kevin Willis 3210 ATL
75%
1984 16 Kiki Vandeweghe 3451 DEN
75%
1983 10 Kiki Vandeweghe 3474 DEN
75%
2007 22 Kirk Hinrich 3049 CHI
75%
2010 25 Lamar Odom 2900 LAL
75%
2008 19 Lamar Odom 3281 LAL
75%
2006 19 Lamar Odom 3239 LAL
75%
2004 9 Lamar Odom 3383 MIA
75%
1992 12 Larry Nance 3441 CLE
75%
1984 18 Larry Nance 3382 PHO
75%
1973 19 Lou Hudson 3271 ATL
75%
1972 22 Lou Hudson 3127 ATL
75%
1971 20 Lou Hudson 3131 ATL
75%
1970 14 Lou Hudson 3259 ATL
75%
1969 21 Lou Hudson 3100 ATL
75%
1986 9 Maurice Cheeks 3733 PHI
75%
1982 13 Maurice Cheeks 3466 PHI
75%
1980 21 Maurice Cheeks 3052 PHI
75%
1977 5 Maurice Lucas 3895 POR
75%
1991 15 Michael Adams 3547 DEN
75%
1997 16 Mookie Blaylock 3312 ATL
75%
1996 17 Mookie Blaylock 3157 ATL
75%
1995 15 Mookie Blaylock 3329 ATL
75%
1994 7 Mookie Blaylock 3799 ATL
75%
1973 11 Nate Thurmond 3643 GSW
75%
1972 10 Nate Thurmond 3653 GSW
75%
1971 12 Nate Thurmond 3452 SFW
75%
1969 9 Nate Thurmond 3705 SFW
75%
1967 7 Nate Thurmond 3606 SFW
75%
1966 16 Nate Thurmond 2722 SFW
75%
1965 12 Nate Thurmond 2982 SFW
75%
2000 21 Nick Van Exel 3093 DEN
75%
1997 22 Nick Van Exel 3148 LAL
75%
1995 12 Nick Van Exel 3402 LAL
75%
1984 11 Norm Nixon 3520 SDC
75%
1983 20 Norm Nixon 3149 LAL
75%
1982 11 Norm Nixon 3641 LAL
75%
1981 11 Norm Nixon 3254 LAL
75%
1980 9 Norm Nixon 3731 LAL
75%
1979 12 Norm Nixon 3677 LAL
75%
1962 16 Paul Arizin 3045 PHW
75%
1961 15 Paul Arizin 3006 PHW
75%
1960 12 Paul Arizin 2946 PHW
75%
1959 9 Paul Arizin 2726 PHW
75%
1958 11 Paul Arizin 2461 PHW
75%
1957 7 Paul Arizin 2697 PHW
75%
1956 5 Paul Arizin 3089 PHW
75%
1955 7 Paul Arizin 2607 PHW
75%
1952 2 Paul Arizin 2890 PHW
75%
1951 11 Paul Arizin 2104 PHW
75%
1980 15 Paul Westphal 3218 PHO
75%
1979 7 Paul Westphal 3812 PHO
75%
1978 17 Paul Westphal 3318 PHO
75%
1977 22 Paul Westphal 2989 PHO
75%
1976 8 Paul Westphal 3749 PHO
75%
1977 9 Pete Maravich 3537 NOJ
75%
1975 17 Pete Maravich 3236 NOJ
75%
1974 12 Pete Maravich 3397 ATL
75%
1973 8 Pete Maravich 3767 ATL
75%
1971 23 Pete Maravich 3072 ATL
75%
1985 24 Purvis Short 3195 GSW
75%
1986 4 Ralph Sampson 4003 HOU
75%
1985 10 Ralph Sampson 3572 HOU
75%
1984 22 Ralph Sampson 3226 HOU
75%
1981 23 Reggie King 2927 KCK
75%
1987 22 Reggie Theus 3344 SAC
75%
1986 11 Reggie Theus 3611 SAC
75%
1983 12 Reggie Theus 3381 CHI
75%
1981 16 Reggie Theus 3055 CHI
75%
1980 19 Reggie Theus 3153 CHI
75%
1966 17 Richie Guerin 2681 STL
75%
1964 21 Richie Guerin 2420 NYK,STL
75%
1963 15 Richie Guerin 2728 NYK
75%
1962 8 Richie Guerin 3882 NYK
75%
1961 9 Richie Guerin 3354 NYK
75%
1960 10 Richie Guerin 3056 NYK
75%
1959 10 Richie Guerin 2615 NYK
75%
1958 23 Richie Guerin 2164 NYK
75%
1987 18 Robert Parish 3492 BOS
75%
1986 22 Robert Parish 3063 BOS
75%
1985 19 Robert Parish 3336 BOS
75%
1984 9 Robert Parish 3534 BOS
75%
1983 24 Robert Parish 3054 BOS
75%
1982 12 Robert Parish 3475 BOS
75%
1981 9 Robert Parish 3411 BOS
75%
1999 23 Rod Strickland 1851 WAS
75%
1998 7 Rod Strickland 3507 WAS
75%
1997 12 Rod Strickland 3486 WSB
75%
1996 16 Rod Strickland 3169 POR
75%
1995 25 Rod Strickland 2945 POR
75%
1994 10 Rod Strickland 3626 POR
75%
1986 23 Rolando Blackman 3015 DAL
75%
1984 21 Rolando Blackman 3227 DAL
75%
1992 20 Ron Harper 3177 LAC
75%
1989 21 Ron Harper 3236 CLE
75%
1987 21 Ron Harper 3347 CLE
75%
1977 15 Rudy Tomjanovich 3231 HOU
75%
1975 18 Rudy Tomjanovich 3161 HOU
75%
1974 13 Rudy Tomjanovich 3333 HOU
75%
1985 23 Sidney Moncrief 3203 MIL
75%
1984 8 Sidney Moncrief 3622 MIL
75%
1983 17 Sidney Moncrief 3202 MIL
75%
1982 17 Sidney Moncrief 3220 MIL
75%
1975 22 Spencer Haywood 2867 SEA
75%
1974 11 Spencer Haywood 3419 SEA
75%
1973 13 Spencer Haywood 3638 SEA
75%
1972 21 Spencer Haywood 3136 SEA
75%
1990 14 Tom Chambers 3825 PHO
75%
1989 10 Tom Chambers 3936 PHO
75%
1987 16 Tom Chambers 3576 SEA
75%
1997 14 Tom Gugliotta 3369 MIN
75%
1964 22 Tom Heinsohn 2389 BOS
75%
1963 18 Tom Heinsohn 2666 BOS
75%
1962 9 Tom Heinsohn 3292 BOS
75%
1961 17 Tom Heinsohn 2929 BOS
75%
1960 9 Tom Heinsohn 3229 BOS
75%
1959 11 Tom Heinsohn 2589 BOS
75%
1958 10 Tom Heinsohn 2532 BOS
75%
1957 9 Tom Heinsohn 2488 BOS
75%
2015 16 Tyreke Evans 3014 NOP
75%
1998 17 Vin Baker 3032 SEA
75%
1997 25 Vin Baker 3056 MIL
75%
1996 19 Vin Baker 3120 MIL
75%
1995 18 Vin Baker 3091 MIL
75%
1999 18 Vlade Divac 1929 SAC
75%
1995 13 Vlade Divac 3371 LAL
75%
1972 17 Walt Bellamy 3314 ATL
75%
1968 21 Walt Bellamy 2919 NYK
75%
1967 14 Walt Bellamy 3138 NYK
75%
1966 7 Walt Bellamy 3544 BAL,NYK
75%
1965 5 Walt Bellamy 3957 BAL
75%
1964 6 Walt Bellamy 3772 BAL
75%
1963 6 Walt Bellamy 4008 CHZ
75%
1962 5 Walt Bellamy 4415 CHP
75%
1979 25 Wes Unseld 3018 WSB
75%
1976 21 Wes Unseld 2937 WSB
75%
1975 19 Wes Unseld 3147 WSB
75%
1973 23 Wes Unseld 3104 BAL
75%
1972 23 Wes Unseld 3080 BAL
75%
1971 8 Wes Unseld 3601 BAL
75%
1970 9 Wes Unseld 3563 BAL
75%
1969 19 Wes Unseld 3207 BAL
75%
1971 17 Willis Reed 3212 NYK
75%
1970 6 Willis Reed 3979 NYK
75%
1969 8 Willis Reed 3740 NYK
75%
1968 10 Willis Reed 3288 NYK
75%
1967 12 Willis Reed 3195 NYK
75%
1965 11 Willis Reed 3001 NYK
75%
1982 24 World B. Free 2954 GSW
75%
1980 25 World B. Free 2972 SDC
75%
1979 14 World B. Free 3371 SDC
75%
1983 25 Andrew Toney 3026 PHI
67%
1977 25 Bobby Jones 2972 DEN
67%
1988 14 Byron Scott 3668 LAL
67%
1976 16 Charlie Scott 3134 BOS
67%
1973 16 Charlie Scott 3380 PHO
67%
1970 5 Connie Hawkins 3980 PHO
67%
1995 14 Dana Barros 3351 PHI
67%
1983 22 Dan Roundfield 3092 ATL
67%
1962 15 Gene Shue 3113 DET
67%
1961 10 Gene Shue 3308 DET
67%
1960 14 Gene Shue 2783 DET
67%
1959 17 Gene Shue 2180 DET
67%
1991 20 Hersey Hawkins 3189 PHI
67%
1963 11 Jack Twyman 3019 CIN
67%
1962 17 Jack Twyman 3028 CIN
67%
1961 14 Jack Twyman 3119 CIN
67%
1960 7 Jack Twyman 3522 CIN
67%
1959 7 Jack Twyman 2928 CIN
67%
1957 25 Jack Twyman 1774 ROC
67%
1956 25 Jack Twyman 1846 ROC
67%
1984 10 Jeff Ruland 3533 WSB
67%
1983 26 Jeff Ruland 3026 WSB
67%
1990 25 Johnny Dawkins 3110 PHI
67%
1983 23 Larry Drew 3073 KCK
67%
1950 23 Max Morris 1240 SHE
67%
1994 19 Otis Thorpe 3111 HOU
67%
1988 21 Otis Thorpe 3191 SAC
67%
1968 25 Ray Scott 2773 BAL
67%
1966 18 Ray Scott 2642 DET
67%
1964 11 Ray Scott 2972 DET
67%
1963 20 Ray Scott 2511 DET
67%
1962 25 Ray Scott 2528 DET
67%
1981 7 Robert Reid 3552 HOU
67%
1968 22 Sam Jones 2896 BOS
67%
1967 21 Sam Jones 2708 BOS
67%
1966 11 Sam Jones 2970 BOS
67%
1965 7 Sam Jones 3385 BOS
67%
1964 19 Sam Jones 2551 BOS
67%
1963 13 Sam Jones 2831 BOS
67%
1962 20 Sam Jones 2832 BOS
67%
1961 25 Sam Jones 2255 BOS
67%
1993 24 Scott Skiles 3049 ORL
67%
1991 25 Scott Skiles 3040 ORL
67%
1975 11 Sidney Wicks 3417 POR
67%
1974 16 Sidney Wicks 3173 POR
67%
1973 9 Sidney Wicks 3656 POR
67%
1972 11 Sidney Wicks 3652 POR
67%
1989 24 Sleepy Floyd 3162 HOU
67%
1987 5 Sleepy Floyd 4137 GSW
67%
1986 15 Sleepy Floyd 3372 GSW
67%
1950 18 Wah Wah Jones 1256 INO
67%
1987 12 Xavier McDaniel 3691 SEA
67%
1958 25 Ed Macauley 1989 STL
58%
1957 11 Ed Macauley 2279 STL
58%
1956 17 Ed Macauley 2140 BOS
58%
1955 6 Ed Macauley 2641 BOS
58%
1954 5 Ed Macauley 2545 BOS
58%
1953 4 Ed Macauley 2792 BOS
58%
1952 6 Ed Macauley 2382 BOS
58%
1951 5 Ed Macauley 2582 BOS
58%
1950 10 Ed Macauley 1481 STB
58%
1979 16 George McGinnis 3326 DEN
58%
1978 9 George McGinnis 3450 PHI
58%
1977 3 George McGinnis 4039 PHI
58%
1976 6 George McGinnis 3832 PHI
58%
1967 24 Jerry Sloan 2498 CHI
58%
1987 24 Joe Barry Carroll 3283 GSW
58%
1983 18 Joe Barry Carroll 3196 GSW
58%
1985 14 Johnny Moore 3495 SAS
58%
1983 7 Johnny Moore 3597 SAS
58%
1982 20 Johnny Moore 3047 SAS
58%
1997 23 Kendall Gill 3140 NJN
58%
1980 23 Larry Kenon 2978 SAS
58%
1979 5 Larry Kenon 3984 SAS
58%
1978 15 Larry Kenon 3332 SAS
58%
1977 13 Larry Kenon 3336 SAS
58%
2000 24 Terrell Brandon 3044 MIN
58%
1996 25 Terrell Brandon 2956 CLE
58%
1980 22 Bill Cartwright 2986 NYK
50%
1991 24 Brian Shaw 3076 BOS
50%
1983 21 Clark Kellogg 3115 IND
50%
1966 20 Dick Barnett 2557 NYK
50%
1963 22 Dick Barnett 2426 LAL
50%
1972 19 Jeff Mullins 3262 GSW
50%
1969 23 Jeff Mullins 3063 SFW
50%
1968 19 Jeff Mullins 3035 SFW
50%
1990 19 Jerome Kersey 3313 POR
50%
1986 25 Lewis Lloyd 2977 HOU
50%
1986 12 Paul Pressey 3566 MIL
50%
1985 21 Paul Pressey 3299 MIL
50%
1976 20 Paul Silas 2940 BOS
50%
1973 24 Paul Silas 3006 BOS
50%
1972 24 Paul Silas 3044 PHO
50%
1981 15 Scott Wedman 3099 KCK
50%
1964 18 Cliff Hagan 2559 STL
42%
1962 13 Cliff Hagan 3137 STL
42%
1961 7 Cliff Hagan 3672 STL
42%
1960 5 Cliff Hagan 3845 STL
42%
1959 6 Cliff Hagan 3255 STL
42%
1958 6 Cliff Hagan 2942 STL
42%
1971 22 Geoff Petrie 3091 POR
42%
1951 14 Joe Fulks 2063 PHW
42%
1949 2 Joe Fulks 1708 PHW
42%
1948 1 Joe Fulks 1289 PHW
42%
1947 1 Joe Fulks 1667 PHW
42%
1959 25 Larry Foust 2004 MNL
42%
1958 17 Larry Foust 2302 MNL
42%
1956 13 Larry Foust 2391 FTW
42%
1955 11 Larry Foust 2456 FTW
42%
1954 7 Larry Foust 2472 FTW
42%
1953 7 Larry Foust 2305 FTW
42%
1952 4 Larry Foust 2397 FTW
42%
1951 20 Larry Foust 1859 FTW
42%
1958 9 Neil Johnston 2694 PHW
42%
1957 5 Neil Johnston 2927 PHW
42%
1956 2 Neil Johnston 3317 PHW
42%
1955 2 Neil Johnston 3146 PHW
42%
1954 3 Neil Johnston 2962 PHW
42%
1953 3 Neil Johnston 2934 PHW
42%
1964 10 Red Kerr 3103 PHI
42%
1963 12 Red Kerr 2883 SYR
42%
1962 11 Red Kerr 3154 SYR
42%
1961 20 Red Kerr 2620 SYR
42%
1960 17 Red Kerr 2436 SYR
42%
1959 8 Red Kerr 2863 SYR
42%
1958 16 Red Kerr 2350 SYR
42%
1957 13 Red Kerr 2035 SYR
42%
1956 22 Red Kerr 1913 SYR
42%
1961 23 Tom Gola 2422 PHW
42%
1960 11 Tom Gola 3027 PHW
42%
1959 18 Tom Gola 2149 PHW
42%
1958 15 Tom Gola 2364 PHW
42%
1956 10 Tom Gola 2496 PHW
42%
1970 23 Walt Hazzard 2986 ATL
42%
1968 13 Walt Hazzard 3212 SEA
42%
1966 25 Walt Hazzard 2398 LAL
42%
1972 8 Archie Clark 3710 PHI,BAL
33%
1971 15 Archie Clark 3279 PHI
33%
1968 18 Archie Clark 3056 LAL
33%
1967 5 Guy Rodgers 3697 CHI
33%
1966 6 Guy Rodgers 3581 SFW
33%
1965 18 Guy Rodgers 2606 SFW
33%
1964 16 Guy Rodgers 2697 SFW
33%
1963 8 Guy Rodgers 3142 SFW
33%
1962 24 Guy Rodgers 2675 PHW
33%
1961 16 Guy Rodgers 2967 PHW
33%
1960 16 Guy Rodgers 2445 PHW
33%
1978 8 Marvin Webster 3619 SEA
33%
1958 5 Maurice Stokes 3045 CIN
33%
1957 3 Maurice Stokes 3042 ROC
33%
1956 7 Maurice Stokes 2875 ROC
33%
1969 24 Zelmo Beaty 3045 ATL
33%
1968 11 Zelmo Beaty 3280 STL
33%
1966 8 Zelmo Beaty 3357 STL
33%
1965 15 Zelmo Beaty 2673 STL
33%
1978 23 Brian Winters 3131 MIL
25%
1985 11 Calvin Natt 3571 DEN
25%
1961 19 Clyde Lovellette 2689 STL
25%
1960 13 Clyde Lovellette 2866 STL
25%
1958 8 Clyde Lovellette 2845 CIN
25%
1957 6 Clyde Lovellette 2834 MNL
25%
1956 6 Clyde Lovellette 2940 MNL
25%
1955 10 Clyde Lovellette 2500 MNL
25%
1969 25 Dick Van Arsdale 2996 PHO
25%
1974 17 Norm Van Lier 3162 CHI
25%
1971 9 Norm Van Lier 3562 CIN
25%
1976 17 Sam Lacey 3081 KCK
25%
1975 8 Sam Lacey 3472 KCO
25%
1974 19 Sam Lacey 3082 KCO
25%
1962 14 Willie Naulls 3128 NYK
25%
1961 11 Willie Naulls 3283 NYK
25%
1960 15 Willie Naulls 2585 NYK
25%
1959 23 Willie Naulls 2056 NYK
25%
1958 20 Willie Naulls 2221 NYK
25%
1951 4 Alex Groza 2593 INO
17%
1950 2 Alex Groza 1981 INO
17%
1954 11 Arnie Risen 2068 ROC
17%
1953 16 Arnie Risen 1977 ROC
17%
1952 9 Arnie Risen 2360 ROC
17%
1951 3 Arnie Risen 2723 ROC
17%
1949 10 Arnie Risen 1281 ROC
17%
1955 24 Bobby Wanzer 1901 ROC
17%
1954 12 Bobby Wanzer 2041 ROC
17%
1953 17 Bobby Wanzer 1965 ROC
17%
1952 14 Bobby Wanzer 2079 ROC
17%
1950 19 Bobby Wanzer 1254 ROC
17%
1949 20 Bobby Wanzer 1041 ROC
17%
1949 12 Ed Sadowski 1266 PHW
17%
1948 3 Ed Sadowski 1131 BOS
17%
1947 6 Ed Sadowski 1050 TRH,CLR
17%
1976 19 Gar Heard 3008 BUF,PHO
17%
1974 18 Gar Heard 3152 BUF
17%
1958 21 Harry Gallatin 2175 DET
17%
1957 17 Harry Gallatin 1974 NYK
17%
1956 19 Harry Gallatin 2078 NYK
17%
1955 9 Harry Gallatin 2513 NYK
17%
1954 6 Harry Gallatin 2480 NYK
17%
1953 8 Harry Gallatin 2299 NYK
17%
1952 16 Harry Gallatin 1955 NYK
17%
1951 6 Harry Gallatin 2385 NYK
17%
1971 21 Jack Marin 3116 BAL
17%
1957 22 Jack McMahon 1852 STL
17%
1954 10 Jim Pollard 2111 MNL
17%
1953 10 Jim Pollard 2129 MNL
17%
1952 7 Jim Pollard 2380 MNL
17%
1950 4 Jim Pollard 1733 MNL
17%
1949 11 Jim Pollard 1276 MNL
17%
1952 23 Max Zaslofsky 1754 NYK
17%
1951 25 Max Zaslofsky 1719 NYK
17%
1950 9 Max Zaslofsky 1482 CHS
17%
1949 4 Max Zaslofsky 1551 CHS
17%
1948 2 Max Zaslofsky 1162 CHS
17%
1947 4 Max Zaslofsky 1114 CHS
17%
1975 12 Phil Chenier 3332 WSB
17%
1974 24 Phil Chenier 3001 CAP
17%
1951 12 Ralph Beard 2102 INO
17%
1950 12 Ralph Beard 1471 INO
17%
1978 24 Ricky Sobers 3124 IND
17%
1968 14 Rudy LaRusso 3167 SFW
17%
1966 22 Rudy LaRusso 2478 LAL
17%
1965 20 Rudy LaRusso 2516 LAL
17%
1963 23 Rudy LaRusso 2415 LAL
17%
1962 19 Rudy LaRusso 2905 LAL
17%
1961 21 Rudy LaRusso 2496 LAL
17%
1979 24 Tom Owens 3048 POR
17%
1959 16 Vern Mikkelsen 2223 MNL
17%
1958 12 Vern Mikkelsen 2385 MNL
17%
1957 15 Vern Mikkelsen 2023 MNL
17%
1956 20 Vern Mikkelsen 1977 MNL
17%
1955 8 Vern Mikkelsen 2539 MNL
17%
1954 17 Vern Mikkelsen 1890 MNL
17%
1953 9 Vern Mikkelsen 2293 MNL
17%
1952 8 Vern Mikkelsen 2373 MNL
17%
1951 10 Vern Mikkelsen 2131 MNL
17%
1950 25 Vern Mikkelsen 1229 MNL
17%
1954 19 Bob Davies 1818 ROC
8%
1953 23 Bob Davies 1842 ROC
8%
1952 11 Bob Davies 2209 ROC
8%
1951 9 Bob Davies 2141 ROC
8%
1950 8 Bob Davies 1516 ROC
8%
1949 3 Bob Davies 1620 ROC
8%
1973 25 Bob Kauffman 2997 BUF
8%
1971 19 Bob Kauffman 3136 BUF
8%
1958 19 Carl Braun 2289 NYK
8%
1956 21 Carl Braun 1967 NYK
8%
1955 22 Carl Braun 2017 NYK
8%
1954 18 Carl Braun 1827 NYK
8%
1953 18 Carl Braun 1950 NYK
8%
1950 6 Carl Braun 1648 NYK
8%
1949 8 Carl Braun 1310 NYK
8%
1948 8 Carl Braun 827 NYK
8%
1947 18 Coulby Gunther 798 PIT
8%
1955 19 Dick McGuire 2106 NYK
8%
1954 25 Dick McGuire 1665 NYK
8%
1952 13 Dick McGuire 2095 NYK
8%
1951 15 Dick McGuire 1984 NYK
8%
1950 11 Dick McGuire 1473 NYK
8%
1966 23 Don Ohl 2472 BAL
8%
1965 16 Don Ohl 2635 BAL
8%
1963 19 Don Ohl 2571 DET
8%
1960 23 Frank Ramsey 2268 BOS
8%
1959 15 Frank Ramsey 2255 BOS
8%
1958 18 Frank Ramsey 2299 BOS
8%
1982 21 Greg Ballard 2995 WSB
8%
1976 23 Mike Newlin 2884 HOU
8%
1980 24 Phil Ford 2975 KCK
8%
1979 22 Phil Ford 3105 KCK
8%
1979 21 Rich Kelley 3141 NOJ
8%
1976 14 Slick Watts 3230 SEA
8%
1965 22 Terry Dischinger 2331 DET
8%
1964 17 Terry Dischinger 2643 BAL
8%
1961 24 Walter Dukes 2280 DET
8%
1960 25 Walter Dukes 2132 DET
8%
1959 20 Walter Dukes 2108 DET
8%
1958 24 Walter Dukes 2077 DET
8%
1957 26 Walter Dukes 1774 MNL
8%
1950 15 Al Cervi 1289 SYR
0%
1955 17 Andy Phillip 2199 FTW
0%
1954 14 Andy Phillip 1995 FTW
0%
1953 14 Andy Phillip 2054 PHW,FTW
0%
1952 5 Andy Phillip 2395 PHW
0%
1951 13 Andy Phillip 2072 PHW
0%
1950 7 Andy Phillip 1560 CHS
0%
1949 5 Andy Phillip 1419 CHS
0%
1947 24 Angelo Musi 741 PHW
0%
1950 17 Belus Smawley 1264 STB
0%
1949 9 Belus Smawley 1290 STB
0%
1948 21 Belus Smawley 641 STB
0%
1949 15 Bob Feerick 1132 WSC
0%
1948 5 Bob Feerick 887 WSC
0%
1947 3 Bob Feerick 1166 WSC
0%
1970 20 Bob Rule 3078 SEA
0%
1969 20 Bob Rule 3188 SEA
0%
1949 16 Bones McKinney 1097 WSC
0%
1947 11 Bones McKinney 897 WSC
0%
1948 13 Buddy Jeannette 752 BLB
0%
1949 21 Bud Palmer 1031 NYK
0%
1948 12 Bud Palmer 754 NYK
0%
1948 17 Chick Halbert 673 CHS,PHW
0%
1947 7 Chick Halbert 1026 CHS
0%
1948 14 Chick Reiser 738 BLB
0%
1948 16 Chuck Gilmur 677 CHS
0%
1956 15 Chuck Share 2214 STL
0%
1970 10 Clem Haskins 3441 CHI
0%
1967 25 Darrall Imhoff 2468 LAL
0%
1959 24 Dick Garmaker 2053 MNL
0%
1957 14 Dick Garmaker 2027 MNL
0%
1948 24 Dick Holub 604 NYK
0%
1950 16 Dick Mehen 1274 WAT
0%
1951 22 Dike Eddleman 1790 TRI
0%
1953 24 Don Barksdale 1828 BLB
0%
1949 24 Don Carlson 964 MNL
0%
1947 12 Don Carlson 895 CHS
0%
1969 18 Don Kojis 3238 SDR
0%
1947 14 Earl Shannon 855 PRO
0%
1957 20 Ed Conlin 1917 SYR
0%
1949 19 Ernie Calverley 1059 PRO
0%
1948 10 Ernie Calverley 797 PRO
0%
1947 2 Ernie Calverley 1249 PRO
0%
1974 21 Ernie DiGregorio 3050 BUF
0%
1952 22 Frankie Brian 1790 FTW
0%
1951 19 Frankie Brian 1920 TRI
0%
1950 5 Frankie Brian 1649 AND
0%
1962 23 Frank Selvy 2706 LAL
0%
1955 15 Frank Selvy 2232 BLB,MLH
0%
1953 25 Fred Schaus 1763 FTW
0%
1952 18 Fred Schaus 1874 FTW
0%
1951 16 Fred Schaus 1970 FTW
0%
1950 14 Fred Schaus 1420 FTW
0%
1952 24 Fred Scolari 1753 BLB
0%
1951 23 Fred Scolari 1772 SYR,WSC
0%
1950 20 Fred Scolari 1253 WSC
0%
1948 15 Fred Scolari 705 WSC
0%
1947 9 Fred Scolari 925 WSC
0%
1949 25 Gene Vance 944 CHS
0%
1948 25 George Nostrand 581 PRO
0%
1951 17 George Ratkovicz 1970 SYR
0%
1951 24 George Senesky 1741 PHW
0%
1948 18 George Senesky 667 PHW
0%
1947 20 Hank Beenders 787 PRO
0%
1949 14 Herm Schaefer 1158 MNL
0%
1960 22 Hot Rod Hundley 2276 MNL
0%
1948 4 Howie Dallmar 1007 PHW
0%
1947 16 Howie Dallmar 850 PHW
0%
1949 22 Howie Shannon 986 PRO
0%
1956 23 Jack Nichols 1902 BOS
0%
1953 15 Jack Nichols 2015 MLH
0%
1950 22 Jack Nichols 1244 WSC,TRI
0%
1957 24 Jim Loscutoff 1825 BOS
0%
1970 22 Joe Caldwell 3054 ATL
0%
1959 21 Joe Graboski 2105 PHW
0%
1957 16 Joe Graboski 1991 PHW
0%
1956 14 Joe Graboski 2336 PHW
0%
1955 23 Joe Graboski 1954 PHW
0%
1954 16 Joe Graboski 1940 PHW
0%
1953 19 Joe Graboski 1943 INO
0%
1952 17 Joe Graboski 1894 INO
0%
1947 19 John Janisch 795 DTF
0%
1950 24 John Logan 1235 STB
0%
1949 6 John Logan 1391 STB
0%
1948 7 John Logan 840 STB
0%
1947 8 John Logan 963 STB
0%
1947 25 John Mahnken 741 WSC
0%
1947 21 Johnny Norlander 771 WSC
0%
1950 13 Kenny Sailors 1445 DNN
0%
1949 7 Kenny Sailors 1317 PRO
0%
1948 20 Kenny Sailors 642 CHS,PHW,PRO
0%
1947 13 Kenny Sailors 868 CLR
0%
1960 20 Kenny Sears 2317 NYK
0%
1959 13 Kenny Sears 2480 NYK
0%
1958 13 Kenny Sears 2379 NYK
0%
1957 21 Kenny Sears 1885 NYK
0%
1949 18 Kleggie Hermsen 1065 WSC
0%
1948 9 Kleggie Hermsen 816 BLB
0%
1961 22 Larry Costello 2472 SYR
0%
1960 18 Larry Costello 2383 SYR
0%
1959 12 Larry Costello 2551 SYR
0%
1958 22 Larry Costello 2171 SYR
0%
1963 25 Lee Shaffer 2377 SYR
0%
1964 25 Len Chappell 2287 PHI,NYK
0%
1953 13 Leo Barnhorst 2066 INO
0%
1952 21 Leo Barnhorst 1816 INO
0%
1947 10 Leo Mogus 921 CLR,TRH
0%
1957 19 Mel Hutchins 1947 FTW
0%
1956 24 Mel Hutchins 1875 FTW
0%
1955 13 Mel Hutchins 2332 FTW
0%
1954 15 Mel Hutchins 1947 FTW
0%
1953 11 Mel Hutchins 2078 MLH
0%
1952 19 Mel Hutchins 1867 MLH
0%
1948 23 Mel Riebe 619 BOS
0%
1947 17 Mel Riebe 822 CLR
0%
1948 22 Mike Bloom 624 BLB,BOS
0%
1947 22 Mike McCarron 767 TRH
0%
1950 21 Mike Todorovich 1253 STB,TRI
0%
1955 20 Nat Clifton 2060 NYK
0%
1953 6 Nat Clifton 2317 NYK
0%
1952 12 Nat Clifton 2140 NYK
0%
1954 21 Paul Hoffman 1779 BLB
0%
1955 5 Paul Seymour 2655 SYR
0%
1954 9 Paul Seymour 2298 SYR
0%
1953 21 Paul Seymour 1848 SYR
0%
1955 21 Ray Felix 2021 NYK
0%
1954 8 Ray Felix 2391 BLB
0%
1949 13 Ray Lumpp 1184 INJ,NYK
0%
1955 25 Red Rocha 1895 SYR
0%
1952 20 Red Rocha 1846 SYR
0%
1949 23 Red Rocha 970 STB
0%
1948 11 Red Rocha 781 STB
0%
1965 24 Reggie Harding 2202 DET
0%
1952 25 Stan Miasek 1698 BLB
0%
1948 6 Stan Miasek 857 CHS
0%
1947 5 Stan Miasek 1081 DTF
0%
1964 24 Tom Meschery 2320 SFW
0%
1951 18 Vince Boryla 1938 NYK
0%
1954 23 Wally Osterkorn 1743 SYR
0%
1964 13 Wayne Embry 2834 CIN
0%
1963 9 Wayne Embry 3096 CIN
0%
1962 18 Wayne Embry 2942 CIN
0%
1961 26 Wayne Embry 2255 CIN
0%
1959 22 Woody Sauldsberry 2080 PHW
0%
No matching quizzes found
Score Distribution
Percent of People with Each Score
Percentile by Number Answered
Your Score History
You have not taken this quiz since the last reset